{"text_format":"2","workbook":"xlsx","n_sheets":3,"sheets":["UEM","UBF","CPU"],"not_rendered":{"charts":0,"images":1,"macros":0,"external_links":2,"defined_names":6,"comments":0,"pivot_tables":0},"unopened":[],"bounds":{"document_bytes":16777216,"sheet_cells":100000,"run_cost":"one","rows_first":2000,"rows_last":500,"rows_between":2000,"halvings":0,"cell_chars":16384,"cell_head_chars":4096},"cells_cut":0,"cells_raw":0,"read":"whole","date_system":"1900"}

{"sheet":"UEM","index":0,"n_rows":116,"n_cols":15,"rows_kept":116,"cut":false,"hidden":false,"merged":[[0,0,0,8],[1,0,1,8],[2,0,2,8],[3,0,4,6],[3,7,3,8],[4,7,4,8],[27,3,27,7],[5,0,5,8],[6,0,7,0],[6,1,7,1],[6,2,7,2],[6,3,7,3],[6,4,7,4],[6,5,7,5],[6,6,6,8],[9,3,9,7],[11,3,11,7],[14,3,14,7],[20,3,20,7],[25,3,25,7],[116,0,116,8],[33,3,33,7],[35,3,35,7],[39,3,39,7],[42,3,42,7],[47,3,47,7],[53,3,53,7]]}
["MINISTÉRIO DA INTEGRAÇÃO E DO DESENVOLVIMENTO REGIONAL",{"$nulls":8},"BDI serviç",1.2591000000000001]
["COMPANHIA DE DESENVOLVIMENTO DOS VALES DO SÃO FRANCISCO E DO PARNAÍBA",{"$nulls":8},"BDI fornec.",1.1359999999999999]
["SEDE"]
["PLANILHA ORÇAMENTÁRIA DE ESTIMATIVA GERAL PARA O ESTADO DE PERNAMBUCO (15ª SR)",{"$nulls":6},"Base SINAPI-PE 03/2025       ORSE 02/2025"]
[{"$nulls":7},"Data: Maio/2025"]
[]
["Item","Base        ","Código        ","Descrição","Unid.","Quant.","Valor (R$)"]
[{"$nulls":6},"Unit. (sem BDI)","Unit. (com BDI)","Total"]
[]
[11,null,null,"UNIDADE DE EXTRAÇÃO DE MEL",{"$nulls":4},{"$f":"SUM(I12,I15,I21,I28,I34,I36,I40,I43,I48,I54)","v":246496.89}]
[]
["11.1",null,null,"SERVIÇOS PRELIMINARES",{"$nulls":4},{"$f":"SUM(I13:I14)","v":3668.08}]
["11.2","sinapi",105009,{"$f":"[1]CPU!$A$91","v":"LOCAÇÃO DE OBRAS"},{"$f":"[1]CPU!$I$91","v":"m²"},{"$f":"(7.89*2+9.6*2)","v":34.979999999999997},{"$f":"J13","v":81.86},{"$f":"G13*K$1","v":103.06992600000001},{"$f":"ROUND(F13*H13,2)","v":3605.39},81.86]
["11.3","Sinapi",98525,"LIMPEZA MECANIZADA DE CAMADA VEGETAL, VEGETAÇÃO E PEQUENAS ÁRVORES (DIÂMETRO DE TRONCO MENOR QUE 0,20 M), COM TRATOR DE ESTEIRAS.","m²",{"$f":"9.56*7.891","v":75.437960000000004},{"$f":"J14","v":0.66},{"$f":"G14*K$1","v":0.83100600000000013},{"$f":"ROUND(F14*H14,2)","v":62.69},0.66]
["11.4",null,null,"MOVIMENTO DE TERRA",{"$nulls":4},{"$f":"SUM(I16:I20)","v":1379.93}]
["11.5","Sinapi",101230,"ESCAVAÇÃO VERTICAL A CÉU ABERTO, EM OBRAS DE INFRAESTRUTURA, INCLUINDO CARGA, DESCARGA E TRANSPORTE, EM SOLO DE 1ª CATEGORIA COM ESCAVADEIRA HIDRÁULICA (CAÇAMBA: 0,8 M³ / 111 HP)","m³",11.2,{"$f":"J16","v":11.36},{"$f":"G16*K$1","v":14.303376},{"$f":"ROUND(F16*H16,2)","v":160.19999999999999},11.36]
["11.6","Sinapi",100577,"REGULARIZAÇÃO E COMPACTAÇÃO DE SUBLEITO DE SOLO PREDOMINANTEMENTE ARENOSO.","m²",{"$f":"9.6*7.9*0.6","v":45.503999999999998},0.45,{"$f":"G17*K$1","v":0.56659500000000007},{"$f":"ROUND(F17*H17,2)","v":25.78},0.45]
["11.7","Sinapi",96385,"EXECUÇÃO E COMPACTAÇÃO DE ATERRO COM SOLO PREDOMINANTEMENTE ARGILOSO - EXCLUSIVE SOLO, ESCAVAÇÃO, CARGA E TRANSPORTE","m³",64.400000000000006,11.66,14.681106000000002,{"$f":"ROUND(F18*H18,2)","v":945.46},11.66]
["11.8","Sinapi",100574,"ESPALHAMENTO DE MATERIAL COM TRATOR DE ESTEIRAS.","m³",19.05,1.39,1.750149,{"$f":"ROUND(F19*H19,2)","v":33.340000000000003},1.39]
["11.9","Sinapi",100973,"CARGA, MANOBRA E DESCARGA DE SOLOS E MATERIAIS GRANULARES EM CAMINHÃO BASCULANTE 6 M³ - CARGA COM PÁ CARREGADEIRA (CAÇAMBA DE 1,7 A 2,8 M³ /128 HP) E DESCARGA LIVRE ","m³",19.05,8.9700000000000006,11.294127000000001,{"$f":"ROUND(F20*H20,2)","v":215.15},8.9700000000000006]
["11.10",null,null,"FUNDAÇÕES/ ESTRUTURAS DE CONCRETO ARMADO",{"$nulls":4},{"$f":"SUM(I22:I25)","v":5331.5}]
["11.11","Sinapi",92802,"CORTE E DOBRA DE AÇO CA-50, DIÂMETRO DE 8,0 MM","kg",101.6,{"$f":"J22","v":10.32},12.993912000000002,{"$f":"ROUND(F22*H22,2)","v":1320.18},10.32]
["11.12","Sinapi",94965,"CONCRETO FCK = 25MPA, TRAÇO 1:2,3:2,7 (CIMENTO/ AREIA MÉDIA/ BRITA 1) - PREPARO MECÂNICO COM BETONEIRA 400 L. ","m³",{"$f":"2.16+1.8","v":3.96},493.83,621.78135300000008,{"$f":"ROUND(F23*H23,2)","v":2462.25},493.83]
["11.13","Sinapi",103673,"LANÇAMENTO COM USO DE BOMBA, ADENSAMENTO E ACABAMENTO DE CONCRETO EM ESTRUTURAS. AF_02/2022","m³",3.96,43.63,54.934533000000009,{"$f":"ROUND(F24*H24,2)","v":217.54},43.63]
["11.14","Sinapi",97086,"FABRICAÇÃO, MONTAGEM E DESMONTAGEM DE FORMA PARA RADIER, EM MADEIRA SERRADA, 4 UTILIZAÇÕES.","m²",7.8,135.58000000000001,170.70877800000002,{"$f":"ROUND(F25*H25,2)","v":1331.53},135.58000000000001]
["11.15",null,null,"REVESTIMENTOS",{"$nulls":4},{"$f":"SUM(I27:I27)","v":0}]
["11.16","Sinapi",98555,"IMPERMEABILIZAÇÃO DE SUPERFÍCIE COM ARGAMASSA POLIMÉRICA / MEMBRANA ACRÍLICA, 3 DEMÃOS.","m²",0,{"$f":"(J27)","v":0},{"$f":"(J27*K$1)","v":0},{"$f":"ROUND(F27*H27,2)","v":0}]
["11.17",null,null,"ALVENARIAS, DIVISÓRIAS E FECHAMENTOS",{"$nulls":4},{"$f":"SUM(I29:I33)","v":26312.75}]
["11.18","CPU","CPU010","REVESTIMENTO DE PAREDES EM CHAPAS DE AÇO INOXIDÁVEL AISI 304  - APENAS INSTALAÇÃO","m²",70.540000000000006,{"$f":"J29","v":42.784000000000006},{"$f":"G29*K$1","v":53.869334400000014},{"$f":"ROUND(F29*H29,2)","v":3799.94},{"$f":"CPU!I182","v":42.784000000000006}]
["11.19","ORSE","10280/ORSE","MANTA EM LÃ DE VIDRO","m²",66.278000000000006,15.05,18.949455000000004,{"$f":"ROUND(F30*H30,2)","v":1255.93},15.05]
["11.20","CPU","CPU009","CHAPA XADREZ EM ALUMINIO PARA PISO e:3mm, INCLUSO REBITE PARA FIXAÇÃO - APENAS MÃO DE OBRA","m²",29.9,400.31759999999997,504.03989016000003,{"$f":"ROUND(F31*H31,2)","v":15070.79},{"$f":"CPU!I169","v":400.31759999999997}]
["11.21","Sinapi",96486,"FORRO EM RÉGUAS DE PVC, LISO, PARA AMBIENTES COMERCIAIS, INCLUSIVE ESTRUTURA BIDIRECIONAL DE FIXAÇÃO","m²",29.93,72.72,91.561752000000013,{"$f":"ROUND(F32*H32,2)","v":2740.44},72.72]
["11.22","Sinapi",104723,"PAREDE COM SISTEMA EM CHAPAS DE GESSO PARA DRYWALL, USO INTERNO, COM DUAS FACES DUPLAS E ESTRUTURA METÁLICA COM GUIAS DUPLAS PARA PAREDES COM ÁREA LÍQUIDA MENOR QUE 6 m², COM VÃOS.","m²",12.096,226.24,284.85878400000001,{"$f":"ROUND(F33*H33,2)","v":3445.65},226.24]
["11.23",null,null,"PINTURAS",{"$nulls":4},{"$f":"SUM(I35:I35)","v":10376.01}]
["11.24","Sinapi",100751,"PINTURA COM TINTA EPOXÍDICA DE ACABAMENTO PULVERIZADA SOBRE PERFIL METÁLICO EXECUTADO EM FÁBRICA (02 DEMÃOS).","m²",170.3,{"$f":"J35","v":48.39},60.927849000000009,{"$f":"ROUND(F35*H35,2)","v":10376.01},48.39]
["11.25",null,null,"COBERTURAS",{"$nulls":4},{"$f":"SUM(I37:I39)","v":40753.199999999997}]
["11.26","ORSE","13874/ORSE","ESTRUTURA METALICA P/ COBERTURA DE CRECHE PADRÃO 1 DO PADRÃO FNDE, EM LIGTH STEEL FRAME, COM PERFIS UE70 MONTANTES DE TUBO UE70, INCLUSIVE FORNECIMENTO E MONTAGEM. EXCLUSIVE TELHAS","m²",96,{"$f":"J37","v":113.51},{"$f":"(G37*K$1)","v":142.92044100000001},{"$f":"ROUND(F37*H37,2)","v":13720.36},113.51]
["11.27","Sinapi",94216,"TELHAMENTO COM TELHA METÁLICA TERMOACÚSTICA E = 30 MM, COM ATÉ 2 ÁGUAS, INCLUSO IÇAMENTO","m²",96,{"$f":"J38","v":209.67},263.995497,{"$f":"ROUND(F38*H38,2)","v":25343.57},209.67]
["11.28","Sinapi",94228,"CALHA EM CHAPA DE AÇO GALVANIZADO NÚMERO 24, DESENVOLVIMENTO DE 50 CM, INCLUSO TRANSPORTE VERTICAL. AF_07/2019","m",{"$f":"16*1.1","v":17.600000000000001},76.23,95.981193000000019,{"$f":"ROUND(F39*H39,2)","v":1689.27},76.23]
["11.29",null,null,"CONSTRUÇÃO CIVIL",{"$nulls":4},{"$f":"SUM(I41:I42)","v":5639.24}]
["11.30","Sinapi",91341,"PORTA EM ALUMÍNIO DE ABRIR TIPO VENEZIANA COM GUARNIÇÃO, FIXAÇÃO COM PARAFUSOS - FORNECIMENTO E INSTALAÇÃO.","m²",5.04,{"$f":"J41","v":485.94},611.84705400000007,{"$f":"ROUND(F41*H41,2)","v":3083.71},485.94]
["11.31","Sinapi",100674,"CAIXILHO FIXO DE ALUMÍNIO PARA VIDRO (VIDRO INCLUSO), BATENTE/ REQUADRO DE 4 A 14 CM, SEM\nGUARNIÇÃO/ ALIZAR, FIXAÇÃO COM PARAFUSOS, VEDAÇÃO COM SILICONE, EXCLUSIVE CONTRAMARCO -\nFORNECIMENTO E INSTALAÇÃO. AF_11/2024","m²",3.75,541.24,681.4752840000001,{"$f":"ROUND(F42*H42,2)","v":2555.5300000000002},541.24]
["11.32",null,null,"INSTALAÇÕES PREDIAIS",{"$nulls":4},{"$f":"SUM(I44:I47)","v":9116.9699999999993}]
["11.33","CPU",{"$f":"[1]CPU!$I$63","v":"CPU004"},{"$f":"[1]CPU!$A$65","v":"EXECUÇÃO DE INSTALAÇÕES HIDROSSANITÁRIAS, EXCLUSIVE EQUIPAMENTOS"},{"$f":"[1]CPU!$I$78","v":"cj"},1,{"$f":"J44","v":2969.6},3739.0233600000001,{"$f":"ROUND(F44*H44,2)","v":3739.02},{"$f":"CPU!I19","v":2969.6}]
["11.34","SINAPI",98052,"TANQUE SÉPTICO CIRCULAR, EM CONCRETO PRÉ-MOLDADO, DIÂMETRO INTERNO = 1,10 M, ALTURA INTERNA = 2,50 M, VOLUME ÚTIL: 2138,2 L (PARA 5 CONTRIBUINTES).","un",1,1722.17,2168.3842470000004,{"$f":"ROUND(F45*H45,2)","v":2168.38},1722.17]
["11.35","SINAPI",98062,"SUMIDOURO CIRCULAR, EM CONCRETO PRÉ-MOLDADO, DIÂMETRO INTERNO = 1,88 M, ALTURA INTERNA = 2,00 M, ÁREA DE INFILTRAÇÃO: 13,1 m² (PARA 5 CONTRIBUINTES)","un",1,2549.1,3209.5718100000004,3209.57,2549.1]
["11.36","CPU","CPU002",{"$f":"[1]CPU!$A$78","v":"EXECUÇÃO DE INSTALAÇÕES ELÉTRICAS, EXCLUSIVE EQUIPAMENTOS"},{"$f":"[1]CPU!$I$78","v":"cj"},1,0,0,0,{"$f":"CPU!L32","v":0}]
["11.37",null,null,"SERVIÇOS DIVERSOS",{"$nulls":4},{"$f":"SUM(I49:I53)","v":29589.25}]
["11.38","CPU","CPU003",{"$f":"[1]CPU!$A$140","v":"CORTE DE CONTAINER PARA ESQUADRIAS"},{"$f":"[1]CPU!$I$140","v":"m²"},16.45,{"$f":"J49","v":201.74860000000001},254.02166226000003,{"$f":"ROUND(F49*H49,2)","v":4178.66},{"$f":"CPU!I50","v":201.74860000000001}]
["11.39","CPU","CPU004",{"$f":"[1]CPU!$A$182","v":"MODIFICAÇÕES NO CONTAINER COM CORTE POR ESMERILHADEIRA "},{"$f":"[1]CPU!$I$182","v":"m"},58.26,105.31399999999999,132.6008574,7725.33,{"$f":"CPU!I92","v":105.31399999999999}]
["11.40","CPU","CPU005",{"$f":"[1]CPU!$A$200","v":"MODIFICAÇÕES NO CONTAINER UNIÃO ATRAVÉS DO PROCESSO DE SOLDAGEM, INCLUSO IÇAMENTO DO CONTAINER"},{"$f":"[1]CPU!$I$200","v":"m"},21.9,369.02567799999997,464.64023116980002,10175.620000000001,{"$f":"CPU!I114","v":369.02567799999997}]
["11.41","CPU","CPU011","GUARDA-CORPO DE AÇO CARBONO, MONTANTES TUBULARES DE 1.1/2\" ESPAÇADOS EM 0,75M, ALTURA APROXIMADA DE 0,90M, PREPARADO COM FunO E TINTA EPÓXI NA COR AMARELA","m",{"$f":"0.75*2*3*1.1","v":4.95},530.32894900000008,667.73717968590017,3305.3,{"$f":"CPU!I205","v":530.32894900000008}]
["11.42","CPU","CPU013","FORNECIMENTO E INSTALAÇÃO DE SUPORTE PARA CAIXA D'ÁGUA EM METALON","un",1,3339.1632724000001,4204.3404762788405,4204.34,{"$f":"CPU!I259","v":3339.1632724000001}]
["11.43",null,null,"MATERIAIS",{"$nulls":4},{"$f":"SUM(I55:I116)","v":114329.96}]
["11.44","Cotação",null,"CONTAINER DRY BOX 20 PÉS 6,1X2,21X2,6 (COMPXLARGXALTU)","un",2,{"$f":"J55","v":19023},{"$f":"G55*K$2","v":21610.127999999997},{"$f":"ROUND(F55*H55,2)","v":43220.26},{"$f":"CPU!I222","v":19023}]
["11.45","Sinapi",89356,"TUBO PVC, SOLDAVEL, DN 25 MM, AGUA FRIA (NBR-5648)","m",12,23.85,{"$f":"G56*K$2","v":27.093599999999999},325.12,23.85]
["11.46","Sinapi",89357,"TUBO PVC, SOLDAVEL, DN 32 MM, AGUA FRIA (NBR-5648)","m",18,32.58,37.010879999999993,666.2,32.58]
["11.47","Sinapi",9835,"TUBO PVC SERIE NORMAL, DN 40 MM, PARA ESGOTO PREDIAL (NBR 5688)","m",3,5.92,6.7251199999999995,20.18,5.92]
["11.48","Sinapi",9838,"TUBO PVC SERIE NORMAL, DN 50 MM, PARA ESGOTO PREDIAL (NBR 5688) ","m",20,9.77,11.098719999999998,221.97,9.77]
["11.49","Sinapi",9836,"TUBO PVC SERIE NORMAL, DN 100 MM, PARA ESGOTO PREDIAL (NBR 5688) ","m",1,13.55,15.392799999999999,15.39,13.55]
["11.50","Sinapi",89362,"JOELHO 90 GRAUS, PVC, SOLDÁVEL, DN 25MM, INSTALADO EM RAMAL OU SUB-RAMAL DE ÁGUA - FORNECIMENTO E INSTALAÇÃO. AF_06/2022","un",12,9.56,10.86016,130.32,9.56]
["11.51","Sinapi",89367,"JOELHO 90 GRAUS, PVC, SOLDÁVEL, DN 32MM, INSTALADO EM RAMAL OU SUB-RAMAL DE ÁGUA - FORNECIMENTO E INSTALAÇÃO. AF_06/2022","un",10,13.1,14.881599999999999,{"$f":"ROUND(F62*H62,2)","v":148.82},13.1]
["11.52","Sinapi",3515,"JOELHO PVC, SOLDAVEL, COM BUCHA DE LATAO, 90 GRAUS, 20 MM X 1/2\", PARA AGUA FRIA","un",2,6.41,7.2817599999999993,{"$f":"ROUND(F63*H63,2)","v":14.56},6.41]
["11.53","Sinapi",7121,"TE PVC, SOLDAVEL, COM BUCHA DE LATAO NA BOLSA CENTRAL, 90 GRAUS, 20 MM X 1/2\", PARA AGUA FRIA PREDIAL","un",2,9.02,10.246719999999998,{"$f":"ROUND(F64*H64,2)","v":20.49},9.02]
["11.54","Sinapi",798,"BUCHA DE REDUCAO PVC ROSCAVEL 3/4\" X 1/2\"","un",2,1.1599999999999999,1.3177599999999998,{"$f":"ROUND(F65*H65,2)","v":2.64},1.1599999999999999]
["11.55","Sinapi",103957,"BUCHA DE REDUÇÃO, CURTA, PVC, SOLDÁVEL, DN 32 X 25 MM, INSTALADO EM PRUMADA DE ÁGUA - FORNECIMENTO E INSTALAÇÃO. AF_06/2022","un",2,4.83,5.4868799999999993,10.97,4.83]
["11.56","Sinapi",3878,"LUVA PVC, ROSCAVEL, 1 1/2\", AGUA FRIA PREDIAL","un",2,11.78,13.382079999999998,26.76,11.78]
["11.57","Sinapi",4177,"NIPLE DE FERRO GALVANIZADO, COM ROSCA BSP, DE 1/2\"","un",2,5.47,6.213919999999999,12.43,5.47]
["11.58","Sinapi",89395,"TE, PVC, SOLDÁVEL, DN 25MM, INSTALADO EM RAMAL OU SUB-RAMAL DE ÁGUA - FORNECIMENTO E INSTALAÇÃO. AF_06/2022","un",3,13.16,14.949759999999999,44.85,13.16]
["11.59","Sinapi",89398,"TE, PVC, SOLDÁVEL, DN 32MM, INSTALADO EM RAMAL OU SUB-RAMAL DE ÁGUA - FORNECIMENTO E INSTALAÇÃO. AF_06/2022","un",3,18.260000000000002,20.743359999999999,62.23,18.260000000000002]
["11.60","Sinapi",97,"ADAPTADOR PVC SOLDAVEL, COM FLANGE E ANEL DE VEDACAO, 32 MM X 1\", PARA CAIXA D'AGUA","un",4,18.25,{"$f":"G71*$K$2","v":20.731999999999999},82.93,18.25]
["11.61","Sinapi",11675,"REGISTRO DE ESFERA, PVC, COM VOLANTE, VS, SOLDAVEL, DN 32 MM,","un",4,36.36,41.304959999999994,165.22,36.36]
["11.62","Sinapi",34637,"CAIXA D'AGUA / RESERVATORIO EM POLIETILENO, 500 LITROS, COM TAMPA                                                                                                                                                                                                                                                                                                                                                                                                                                         ","un",1,253.93,288.46447999999998,288.45999999999998,253.93]
["11.63","Sinapi",94495,"REGISTRO DE GAVETA BRUTO, LATÃO, ROSCÁVEL, 1\" - FORNECIMENTO E INSTALAÇÃO. AF_08/2021","un",1,68.47,77.781919999999985,77.78,68.47]
["11.64","Sinapi",94496,"REGISTRO DE GAVETA BRUTO, LATÃO, ROSCÁVEL, 1 1/4\" - FORNECIMENTO E INSTALAÇÃO. AF_08/2021","un",2,93.3,105.98879999999998,211.98,93.3]
["11.65","Sinapi",7603,"TORNEIRA DE METAL AMARELO, PARA TANQUE / JARDIM, DE PAREDE, SEM BICO, CANO CURTO, PADRAO POPULAR / USO GERA","un",2,46.12,52.392319999999991,104.78,46.12]
["11.66","Sinapi",94795,"TORNEIRA DE BOIA PARA CAIXA D'ÁGUA, ROSCÁVEL, 1/2\" - FORNECIMENTO E INSTALAÇÃO. AF_08/2021","un",1,28.55,32.4328,32.43,28.55]
["11.67","Sinapi",20080,"ADESIVO PLASTICO PARA PVC, FRASCO COM 175 GR","un",2,21.07,23.935519999999997,{"$f":"ROUND(F78*H78,2)","v":47.87},21.07]
["11.68","Sinapi",3143,"FITA VEDA ROSCA 18MMX25M","un",1,7.84,8.9062399999999986,{"$f":"ROUND(F79*H79,2)","v":8.91},7.84]
["11.69","Sinapi",35277,"CAIXA DE GORDURA EM PVC, DIAMETRO MINIMO 300 MM, DIAMETRO DE SAIDA 100 MM CAPACIDADE APROXIMADA 18 LITROS, COM TAMPA E CESTO","un",1,286.19,325.11183999999997,{"$f":"ROUND(F80*H80,2)","v":325.11},286.19]
["11.70","Sinapi",11735,"PROLONGADOR PAR CAIXA DE GORDURA E INSPEÇÃO DN300, PVC","un",1,7.13,8.0996799999999993,{"$f":"ROUND(F81*H81,2)","v":8.1},7.13]
["11.71","Sinapi",89482,"CAIXA SIFONADA, PVC, DN 100 X 100 X 50 MM, FORNECIDA E INSTALADA EM RAMAIS DE ENCAMINHAMENTO DE ÁGUA PLUVIAL. AF_06/2022","un",5,34.28,38.942079999999997,{"$f":"ROUND(F82*H82,2)","v":194.71},34.28]
["11.72","Sinapi",94679,"CURVA 90 GRAUS, PVC, SOLDÁVEL, DN 50 MM, INSTALADO EM RESERVAÇÃO DE ÁGUA DE EDIFICAÇÃO QUE POSSUA RESERVATÓRIO DE FIBRA/FIBROCIMENTO   FORNECIMENTO E INSTALAÇÃO. AF_06/2016","un",11,22.66,25.741759999999999,283.16000000000003,22.66]
["11.73","Sinapi",89504,"CURVA 45 GRAUS, PVC, SOLDÁVEL, DN 50MM, INSTALADO EM PRUMADA DE ÁGUA - FORNECIMENTO E INSTALAÇÃO. AF_06/2022","un",3,16.920000000000002,19.221119999999999,57.66,16.920000000000002]
["11.74","Sinapi",89724,"JOELHO 90 GRAUS, PVC, SERIE NORMAL, ESGOTO PREDIAL, DN 40 MM, JUNTA SOLDÁVEL, FORNECIDO E INSTALADO EM RAMAL DE DESCARGA OU RAMAL DE ESGOTO SANITÁRIO. AF_08/2022","un",1,10.11,11.484959999999999,11.48,10.11]
["11.75","Sinapi",89731,"JOELHO 90 GRAUS, PVC, SERIE NORMAL, ESGOTO PREDIAL, DN 50 MM, JUNTA ELÁSTICA, FORNECIDO E INSTALADO EM RAMAL DE DESCARGA OU RAMAL DE ESGOTO SANITÁRIO. AF_08/2022","un",8,15.64,17.767039999999998,142.13999999999999,15.64]
["11.76","Sinapi",89563,"JUNÇÃO SIMPLES, PVC, SERIE R, ÁGUA PLUVIAL, DN 50 MM, JUNTA ELÁSTICA, FORNECIDO E INSTALADO EM RAMAL DE ENCAMINHAMENTO. AF_06/2022","un",2,34.1,38.7376,77.48,34.1]
["11.77","Sinapi",103995,"LUVA, PVC, SOLDÁVEL, DN 50MM, INSTALADO EM RAMAL DE DISTRIBUIÇÃO DE ÁGUA - FORNECIMENTO E INSTALAÇÃO. AF_06/2022","un",17,14.85,16.869599999999998,286.77999999999997,14.85]
["11.78","Sinapi",104345,"JUNÇÃO DE REDUÇÃO INVERTIDA, PVC, SÉRIE NORMAL, ESGOTO PREDIAL, DN 100 X 50 MM, JUNTA ELÁSTICA, FORNECIDO E INSTALADO EM RAMAL DE DESCARGA OU RAMAL DE ESGOTO SANITÁRIO. AF_08/2022","un",2,43.16,49.029759999999989,98.06,43.16]
["11.79","Sinapi",20043,"REDUÇÃO EXCÊNTRICA, PVC, ÁGUA PLUVIAL, DN 100 X 50 MM, LINHA NORMAL","un",2,8.16,9.2697599999999998,{"$f":"ROUND(F90*H90,2)","v":18.54},8.16]
["11.80","Sinapi",86883,"SIFÃO DO TIPO FLEXÍVEL EM PVC 1  X 1.1/2  - FORNECIMENTO E INSTALAÇÃO. AF_01/2020","un",1,10.8,12.268800000000001,12.27,10.8]
["11.81","Sinapi",86941,"LAVATÓRIO LOUÇA BRANCA COM COLUNA, 45 X 55CM OU EQUIVALENTE, PADRÃO MÉDIO, INCLUSO SIFÃO TIPO GARRAFA, VÁLVULA E ENGATE FLEXÍVEL DE 40CM EMMETAL CROMADO, COM TORNEIRA CROMADA DE MESA, PADRÃO MÉDIO - FORNECIMENTO E INSTALAÇÃO.","un",1,909.9,1033.6463999999999,1033.6500000000001,909.9]
["11.82","Sinapi",86936,"CUBA DE EMBUTIR DE AÇO INOXIDÁVEL MÉDIA, INCLUSO VÁLVULA TIPO AMERICANA E SIFÃO TIPO GARRAFA EM METAL CROMADO - FORNECIMENTO E INSTALAÇÃO","un",1,523.63,594.84367999999995,594.84,523.63]
["11.83","Cotação",null,"LAVADOR DE BOTAS EM AÇO INOXIDÁVEL AISI 304","un",1,3087.896666666667,3507.8506133333335,3507.85,{"$f":"O94","v":3087.896666666667},null,4192.93,2435.7600000000002,2635,{"$f":"AVERAGE(L94:N94)","v":3087.896666666667}]
["11.84","Sinapi",86906,"TORNEIRA CROMADA DE MESA, 1/2\u0094 OU 3/4\u0094, PARA LAVATÓRIO, PADRÃO POPULAR - FORNECIMENTO E INSTALAÇÃO. AF_01/2020","un",2,88.61,100.66095999999999,201.32,88.61]
["11.85","Sinapi",94768,"ADAPTADOR COM FLANGE E ANEL DE VEDAÇÃO, CPVC, ROSCÁVEL, DN 42 MM, INSTALADO EM RESERVAÇÃO DE ÁGUA DE EDIFICAÇÃO QUE POSSUA RESERVATÓRIO DE FIBRA/FIBROCIMENTO - FORNECIMENTO E INSTALAÇÃO. AF_06/2016","un",1,75.319999999999993,85.563519999999983,85.56,75.319999999999993]
["11.86","Cotação",null,"PEDALEIRA PARA ACIONAMENTO TORNEIRA, ROSCA 1/2\"","un",2,145.39666666666665,165.17061333333331,330.34,{"$f":"O97","v":145.39666666666665},null,133.4,137.88999999999999,164.9,{"$f":"AVERAGE(L97:N97)","v":145.39666666666665}]
["11.87","Sinapi",91924,"CABO DE COBRE FLEXÍVEL ISOLADO, 1,5 Mm², ANTI-CHAMA 450/750 V, PARA CIRCUITOS TERMINAIS - FORNECIMENTO E INSTALAÇÃO. AF_03/2023","m",49,3.11,3.5329599999999997,173.12,3.11]
["11.88","Sinapi",91926,"CABO DE COBRE, RIGIDO, CLASSE 2, ISOLACAO EM PVC/A, ANTICHAMA BWF-B, 1 CONDUTOR, 450/750 V, SECAO NOMINAL 2,5 Mm²","m",180,4.49,5.1006399999999994,918.12,4.49]
["11.89","Sinapi",91952,"INTERRUPTOR SIMPLES (1 MÓDULO), 10A/250V, SEM SUPORTE E SEM PLACA - FORNECIMENTO E INSTALAÇÃO. AF_03/2023","un",4,18.77,21.322719999999997,85.29,18.77]
["11.90","Sinapi",91990,"TOMADA ALTA DE EMBUTIR (1 MÓDULO), 2P+T 10 A, SEM SUPORTE E SEM PLACA - FORNECIMENTO E INSTALAÇÃO. AF_03/2023","un",1,34.450000000000003,39.135199999999998,39.14,34.450000000000003]
["11.91","ORSE","11054/ORSE","CAIXA METÁLICA COM UMA TOMADA 2P+T PARA INSTALAÇÃO APARENTE","un",10,27.17,30.865119999999997,308.64999999999998,27.17]
["11.92","Sinapi",95777,"CONDULETE DE ALUMÍNIO, TIPO B, PARA ELETRODUTO DE AÇO GALVANIZADO DN 20 MM (3/4''), APARENTE - FORNECIMENTO E INSTALAÇÃO. AF_10/2022","un",5,27.08,30.762879999999996,153.81,27.08]
["11.93","Sinapi",101890,"DISJUNTOR MONOPOLAR TIPO NEMA, CORRENTE NOMINAL DE 10 ATÉ 30A - FORNECIMENTO E INSTALAÇÃO. AF_10/2020","un",1,19.72,22.401919999999997,22.4,19.72]
["11.94","Sinapi",101892,"DISJUNTOR MONOPOLAR TIPO NEMA, CORRENTE NOMINAL DE 10 ATÉ 50A - FORNECIMENTO E INSTALAÇÃO. AF_10/2020","un",7,90.71,{"$f":"G105*$K$2","v":103.04655999999999},721.33,90.71]
["11.95","ORSE","07943/ORSE","DISJUNTOR BIPOLAR DR 25A - DISPOSITIVO DIFERENCIAL RESIDUAL, TIPO AC, 30MA","un",3,278.5,316.37599999999998,949.13,278.5]
["11.96","Sinapi",93661,"DISJUNTOR BIPOLAR TIPO DIN, CORRENTE NOMINAL DE 16A - FORNECIMENTO E INSTALAÇÃO. AF_10/2020","un",2,73.709999999999994,83.734559999999988,167.47,73.709999999999994]
["11.97","Sinapi",93665,"DISJUNTOR BIPOLAR TIPO DIN, CORRENTE NOMINAL DE 40A - FORNECIMENTO E INSTALAÇÃO. AF_10/2020","un",1,79.59,90.414239999999992,90.41,79.59]
["11.98","ORSE","04878/ORSE","PONTO DE LUZ EM TETO OU PAREDE, APARENTE SEM ELETRODUTO","un",5,65.23,74.101280000000003,370.51,65.23]
["11.99","ORSE","14448/ORSE","ELETRODUTO DE AÇO GALVANIZADO LEVE, INCLUSIVE CONEXÕES, SUPORTES E FIXAÇÃO DN 20 (3/4\")","m",50,33.67,38.249119999999998,1912.46,33.67]
["11.100","Sinapi",1879,"CURVA 90° PVC ELETRODUTO ROSCAVEL 3/4\"","un",16,4.05,4.6007999999999996,73.61,4.05]
["11.101","Sinapi",39128,"ABRAÇADEIRA GALVANIZADA \"D\" PARA ELETRODUTO 3/4\" COM CUNHA","un",50,2.59,2.9422399999999995,147.11000000000001,2.59]
["11.102","Sinapi",101878,"QUADRO DE DISTRIBUIÇÃO DE ENERGIA EM CHAPA DE AÇO GALVANIZADO, DE SOBREPOR, COM BARRAMENTO TRIFÁSICO, PARA 18 DISJUNTORES DIN 100A - FORNECIMENTO E INSTALAÇÃO. AF_10/2020","un",1,504.7,573.33919999999989,573.34,504.7]
["11.103","Sinapi",100954,"TRANSPORTE COM CAMINHÃO CARROCERIA COM GUINDAUTO (MUNCK),  MOMENTO MÁXIMO DE CARGA 11,7 TM, EM VIA INTERNA (DENTRO DO CANTEIRO - UNIDADE: TXKM). AF_07/2020","TXKM",800,8.94,10.155839999999998,{"$f":"ROUND(F114*H114,2)","v":8124.67},8.94]
["11.104","CPU","CPU006","REVESTIMENTO DE PAREDES EM CHAPAS DE AÇO INOXIDÁVEL AISI 304  - APENAS INSTALAÇÃO","m²",70.540000000000006,354.846,403.10505599999999,{"$f":"ROUND(F115*H115,2)","v":28435.03},{"$f":"CPU!I126","v":354.846}]
["11.105","CPU","CPU008","CHAPA XADREZ EM ALUMINIO PARA PISO e:3mm, INCLUSO REBITE PARA FIXAÇÃO - APENAS MÃO DE OBRA","m²",29.9,524.98239999999998,596.38000639999996,{"$f":"ROUND(F116*H116,2)","v":17831.759999999998},{"$f":"CPU!I157","v":524.98239999999998}]

{"sheet":"UBF","index":1,"n_rows":104,"n_cols":11,"rows_kept":104,"cut":false,"hidden":false,"merged":[[54,3,54,7],[9,3,9,7],[24,3,24,7],[30,3,30,7],[32,3,32,7],[36,3,36,7],[42,3,42,7],[10,3,10,7],[13,3,13,7],[19,3,19,7],[47,3,47,7],[5,0,5,8],[6,0,7,0],[6,1,7,1],[6,2,7,2],[6,3,7,3],[6,4,7,4],[6,5,7,5],[6,6,6,8],[0,0,0,8],[1,0,1,8],[2,0,2,8],[3,0,4,6],[3,7,3,8],[4,7,4,8]]}
["MINISTÉRIO DA INTEGRAÇÃO E DO DESENVOLVIMENTO REGIONAL",{"$nulls":8},"BDI serviç",1.2591000000000001]
["COMPANHIA DE DESENVOLVIMENTO DOS VALES DO SÃO FRANCISCO E DO PARNAÍBA",{"$nulls":8},"BDI fornec.",1.1359999999999999]
["SEDE"]
["PLANILHA ORÇAMENTÁRIA DE ESTIMATIVA GERAL PARA O ESTADO DE PERNAMBUCO (15ª SR)",{"$nulls":6},"Base SINAPI-TO 03/2025       ORSE 02/2025"]
[{"$nulls":7},"Data: Agosto - 2024"]
[]
["Item","Base        ","Código        ","Descrição","Unid.","Quant.","Valor (R$)"]
[{"$nulls":6},"Unit. (sem BDI)","Unit. (com BDI)","Total"]
[]
[12,null,null,"UNIDADE DE BENEFICIAMENTO DE FRUTOS",{"$nulls":4},{"$f":"SUM(I11,I14,I20,I25,I31,I33,I37,I43,I48,I55)","v":378912.34145920002}]
["12.1",null,null,"SERVIÇOS PRELIMINARES",{"$nulls":4},{"$f":"SUM(I12:I13)","v":5278.15}]
["12.2","sinapi",105009,{"$f":"[1]CPU!$A$91","v":"LOCAÇÃO DE OBRAS"},"m",{"$f":"15+10+15+10","v":50},{"$f":"J12","v":81.86},{"$f":"(G12*K$1)","v":103.06992600000001},{"$f":"ROUND(F12*H12,2)","v":5153.5},81.86]
["12.3","Sinapi",98525,"LIMPEZA MECANIZADA DE CAMADA VEGETAL, VEGETAÇÃO E PEQUENAS ÁRVORES (DIÂMETRO DE TRONCO MENOR QUE 0,20 M), COM TRATOR DE ESTEIRAS.","m²",{"$f":"15*10","v":150},{"$f":"J13","v":0.66},{"$f":"(G13*K$1)","v":0.83100600000000013},{"$f":"ROUND(F13*H13,2)","v":124.65},0.66]
["12.4",null,null,"MOVIMENTO DE TERRA",{"$nulls":4},{"$f":"SUM(I15:I19)","v":2947.64}]
["12.5","Sinapi",101230,"ESCAVAÇÃO VERTICAL A CÉU ABERTO, EM OBRAS DE INFRAESTRUTURA, INCLUINDO CARGA, DESCARGA E TRANSPORTE, EM SOLO DE 1ª CATEGORIA COM ESCAVADEIRA HIDRÁULICA (CAÇAMBA: 0,8 M³ / 111 HP)","m³",54.76,{"$f":"J15","v":11.36},{"$f":"G15*$K$1","v":14.303376},{"$f":"ROUND(F15*H15,2)","v":783.25},11.36]
["12.6","Sinapi",100577,"REGULARIZAÇÃO E COMPACTAÇÃO DE SUBLEITO DE SOLO PREDOMINANTEMENTE ARENOSO.","m²",150,0.45,{"$f":"G16*$K$1","v":0.56659500000000007},{"$f":"ROUND(F16*H16,2)","v":84.99},0.45]
["12.7","Sinapi",96385,"EXECUÇÃO E COMPACTAÇÃO DE ATERRO COM SOLO PREDOMINANTEMENTE ARGILOSO - EXCLUSIVE SOLO, ESCAVAÇÃO, CARGA E TRANSPORTE","m³",75,11.66,{"$f":"G17*$K$1","v":14.681106000000002},{"$f":"ROUND(F17*H17,2)","v":1101.08},11.66]
["12.8","Sinapi",100574,"ESPALHAMENTO DE MATERIAL COM TRATOR DE ESTEIRAS.","m³",75,1.39,{"$f":"G18*$K$1","v":1.750149},{"$f":"ROUND(F18*H18,2)","v":131.26},1.39]
["12.9","Sinapi",100973,"CARGA, MANOBRA E DESCARGA DE SOLOS E MATERIAIS GRANULARES EM CAMINHÃO BASCULANTE 6 M³ - CARGA COM PÁ CARREGADEIRA (CAÇAMBA DE 1,7 A 2,8 M³ /128 HP) E DESCARGA LIVRE ","m³",75,8.9700000000000006,{"$f":"G19*$K$1","v":11.294127000000001},{"$f":"ROUND(F19*H19,2)","v":847.06},8.9700000000000006]
["12.10",null,null,"FUNDAÇÕES/ ESTRUTURAS DE CONCRETO ARMADO",{"$nulls":4},{"$f":"SUM(I21:I24)","v":14155.8814592}]
["12.11","Sinapi",92802,"CORTE E DOBRA DE AÇO CA-50, DIÂMETRO DE 8,0 MM","kg",101.6,{"$f":"J21","v":10.32},{"$f":"G21*K$1","v":12.993912000000002},{"$f":"H21*F21","v":1320.1814592000001},10.32]
["12.12","Sinapi",94965,"CONCRETO FCK = 25MPA, TRAÇO 1:2,3:2,7 (CIMENTO/ AREIA MÉDIA/ BRITA 1) - PREPARO MECÂNICO COM BETONEIRA 400 L. ","m³",17,493.83,{"$f":"G22*K$1","v":621.78135300000008},{"$f":"ROUND(F22*H22,2)","v":10570.28},493.83]
["12.13","Sinapi","103673","LANÇAMENTO COM USO DE BOMBA, ADENSAMENTO E ACABAMENTO DE CONCRETO EM ESTRUTURAS. AF_02/2022","m³",17,43.63,54.934533000000009,{"$f":"ROUND(F23*H23,2)","v":933.89},43.63]
["12.14","Sinapi",97086,"FABRICAÇÃO, MONTAGEM E DESMONTAGEM DE FORMA PARA RADIER, EM MADEIRA SERRADA, 4 UTILIZAÇÕES.","m²",7.8,135.58000000000001,170.70877800000002,{"$f":"ROUND(F24*H24,2)","v":1331.53},135.58000000000001]
["12.15",null,null,"ALVENARIAS, DIVISÓRIAS E FECHAMENTOS",{"$nulls":4},{"$f":"SUM(I26:I30)","v":58066.039999999994}]
["12.16","CPU","CPU010","REVESTIMENTO DE PAREDES EM CHAPAS DE AÇO INOXIDÁVEL AISI 304  - APENAS INSTALAÇÃO","m²",160.29,{"$f":"J26","v":42.784000000000006},{"$f":"G26*K$1","v":53.869334400000014},{"$f":"ROUND(F26*H26,2)","v":8634.7199999999993},{"$f":"CPU!I182","v":42.784000000000006}]
["12.17","ORSE","10280/ORSE","MANTA EM LÃ DE VIDRO","m²",134.78,22.3,{"$f":"G27*K$1","v":28.077930000000002},{"$f":"ROUND(F27*H27,2)","v":3784.34},22.3]
["12.18","CPU","CPU008","CHAPA XADREZ EM ALUMINIO PARA PISO e:3mm, INCLUSO REBITE PARA FIXAÇÃO - APENAS INSTALAÇÃO","m²",56.543999999999997,400.31759999999997,504.03989016000003,{"$f":"ROUND(F28*H28,2)","v":28500.43},{"$f":"CPU!I169","v":400.31759999999997}]
["12.19","Sinapi",104723,"PAREDE COM SISTEMA EM CHAPAS DE GESSO PARA DRYWALL, USO INTERNO, COM DUAS FACES DUPLAS E ESTRUTURA METÁLICA COM GUIAS DUPLAS PARA PAREDES COM ÁREA LÍQUIDA MENOR QUE 6 m², COM VÃOS.","m²",42.8,226.24,284.85878400000001,{"$f":"ROUND(F29*H29,2)","v":12191.96},226.24]
["12.20","Sinapi",96486,"FORRO EM RÉGUAS DE PVC, LISO, PARA AMBIENTES COMERCIAIS, INCLUSIVE ESTRUTURA BIDIRECIONAL DE FIXAÇÃO","m²",54.112000000000002,72.72,{"$f":"G30*K$1","v":91.561752000000013},{"$f":"ROUND(F30*H30,2)","v":4954.59},72.72]
["12.21",null,null,"PINTURAS",{"$nulls":4},{"$f":"SUM(I32:I32)","v":16078.86}]
["12.22","Sinapi",100751,"PINTURA COM TINTA EPOXÍDICA DE ACABAMENTO PULVERIZADA SOBRE PERFIL METÁLICO EXECUTADO EM FÁBRICA (02 DEMÃOS).","m²",263.89999999999998,{"$f":"J32","v":48.39},{"$f":"G32*K$1","v":60.927849000000009},{"$f":"ROUND(F32*H32,2)","v":16078.86},48.39]
["12.23",null,null,"COBERTURAS",{"$nulls":4},{"$f":"SUM(I34:I36)","v":41776.33}]
["12.24","ORSE","13874/ORSE","ESTRUTURA METALICA P/ COBERTURA DE CRECHE PADRÃO 1 DO PADRÃO FNDE, EM LIGTH STEEL FRAME, COM PERFIS UE70 MONTANTES DE TUBO UE70, INCLUSIVE FORNECIMENTO E MONTAGEM. EXCLUSIVE TELHAS","m²",98.42,{"$f":"J34","v":113.51},{"$f":"(G34*K$1)","v":142.92044100000001},{"$f":"ROUND(F34*H34,2)","v":14066.23},113.51]
["12.25","Sinapi",94216,"TELHAMENTO COM TELHA METÁLICA TERMOACÚSTICA E = 30 MM, COM ATÉ 2 ÁGUAS, INCLUSO IÇAMENTO","m²",98.42,{"$f":"J35","v":209.67},{"$f":"G35*K$1","v":263.995497},{"$f":"ROUND(F35*H35,2)","v":25982.44},209.67]
["12.26","Sinapi",94228,"CALHA EM CHAPA DE AÇO GALVANIZADO NÚMERO 24, DESENVOLVIMENTO DE 50 CM, INCLUSO TRANSPORTE VERTICAL. AF_07/2019","m",18,76.23,95.981193000000019,{"$f":"ROUND(F36*H36,2)","v":1727.66},76.23]
["12.27",null,null,"CONSTRUÇÃO CIVIL",{"$nulls":4},{"$f":"SUM(I38:I42)","v":31590.37}]
["12.28","Sinapi",100702,"PORTA DE CORRER DE ALUMÍNIO, COM DUAS FOLHAS PARA VIDRO, INCLUSO VIDRO LISO INCOLOR, FECHADURA E PUXADOR, SEM ALIZAR. ","m²",4.8499999999999996,{"$f":"J38","v":340.38},428.57245800000004,{"$f":"ROUND(F38*H38,2)","v":2078.58},340.38]
["12.29","Sinapi",91341,"PORTA EM ALUMÍNIO DE ABRIR TIPO VENEZIANA COM GUARNIÇÃO, FIXAÇÃO COM PARAFUSOS - FORNECIMENTO E INSTALAÇÃO.","m²",3.8,485.94,611.84705400000007,{"$f":"ROUND(F39*H39,2)","v":2325.02},485.94]
["12.30","Sinapi",100674,"CAIXILHO FIXO DE ALUMÍNIO PARA VIDRO (VIDRO INCLUSO), BATENTE/ REQUADRO DE 4 A 14 CM, SEM\nGUARNIÇÃO/ ALIZAR, FIXAÇÃO COM PARAFUSOS, VEDAÇÃO COM SILICONE, EXCLUSIVE CONTRAMARCO -\nFORNECIMENTO E INSTALAÇÃO. AF_11/2024","m²",8.85,405.48,510.53986800000007,{"$f":"ROUND(F40*H40,2)","v":4518.28},405.48]
["12.31","Sinapi",101727,"PISO VINÍLICO SEMI-FLEXÍVEL EM PLACAS, PADRÃO LISO, ESPESSURA 3,2 MM, FIXADO COM COLA. AF_09/2020","m²",60,269.57,339.41558700000002,{"$f":"ROUND(F41*H41,2)","v":20364.939999999999},269.57]
["12.32","Sinapi",94228,"CALHA EM CHAPA DE AÇO GALVANIZADO NÚMERO 24, DESENVOLVIMENTO DE 50 CM, INCLUSO TRANSPORTE VERTICAL. AF_07/2019","m",24,76.23,95.981193000000019,{"$f":"ROUND(F42*H42,2)","v":2303.5500000000002},76.23]
["12.33",null,null,"INSTALAÇÕES PREDIAIS",{"$nulls":4},{"$f":"SUM(I44:I47)","v":14056.15}]
["12.34","CPU","CPU001",{"$f":"[2]CPU!$A$65","v":"EXECUÇÃO DE INSTALAÇÕES HIDROSSANITÁRIAS, EXCLUSIVE EQUIPAMENTOS"},{"$f":"[2]CPU!$I$78","v":"cj"},1,{"$f":"J44","v":2969.6},3739.0233600000001,{"$f":"ROUND(F44*H44,2)","v":3739.02},{"$f":"CPU!I19","v":2969.6}]
["12.35","CPU","CPU002",{"$f":"[2]CPU!$A$78","v":"EXECUÇÃO DE INSTALAÇÕES ELÉTRICAS, EXCLUSIVE EQUIPAMENTOS"},{"$f":"[2]CPU!$I$78","v":"cj"},1,3094,3895.6554000000006,{"$f":"ROUND(F45*H45,2)","v":3895.66},{"$f":"CPU!I32","v":3094}]
["12.36","SINAPI",98052,"TANQUE SÉPTICO CIRCULAR, EM CONCRETO PRÉ-MOLDADO, DIÂMETRO INTERNO = 1,10 M, ALTURA INTERNA = 2,50 M, VOLUME ÚTIL: 2138,2 L (PARA 5 CONTRIBUINTES).","UND",1,2549.1,3209.5718100000004,{"$f":"ROUND(F46*H46,2)","v":3209.57},2549.1]
["12.37","SINAPI",98062,"SUMIDOURO CIRCULAR, EM CONCRETO PRÉ-MOLDADO, DIÂMETRO INTERNO = 1,88 M, ALTURA INTERNA = 2,00 M, ÁREA DE INFILTRAÇÃO: 13,1 m² (PARA 5 CONTRIBUINTES)","UND",1,2550.9499999999998,3211.9011450000003,3211.9,2550.9499999999998]
["12.38",null,null,"SERVIÇOS DIVERSOS",{"$nulls":4},{"$f":"SUM(I49:I54)","v":33677.990000000005}]
["12.39","CPU","CPU003",{"$f":"[2]CPU!$A$140","v":"CORTE DE CONTAINER PARA ESQUADRIAS"},{"$f":"[2]CPU!$I$140","v":"m²"},12.65,{"$f":"J49","v":201.74860000000001},{"$f":"G49*K$1","v":254.02166226000003},{"$f":"ROUND(F49*H49,2)","v":3213.37},{"$f":"CPU!I50","v":201.74860000000001}]
["12.40","CPU","CPU004",{"$f":"[2]CPU!$A$182","v":"MODIFICAÇÕES NO CONTAINER COM CORTE POR ESMERILHADEIRA "},{"$f":"[2]CPU!$I$182","v":"m"},57.68,105.31399999999999,{"$f":"G50*K$1","v":132.6008574},{"$f":"ROUND(F50*H50,2)","v":7648.42},{"$f":"CPU!I92","v":105.31399999999999}]
["12.41","CPU","CPU005",{"$f":"[2]CPU!$A$200","v":"MODIFICAÇÕES NO CONTAINER UNIÃO ATRAVÉS DO PROCESSO DE SOLDAGEM, INCLUSO IÇAMENTO DO CONTAINER"},{"$f":"[2]CPU!$I$200","v":"m"},40.799999999999997,305.13,{"$f":"G51*K$1","v":384.18918300000001},{"$f":"ROUND(F51*H51,2)","v":15674.92},305.13]
["12.42","ORSE","00900/ORSE","ESCADA DE FERRO COM GUARDA-CORPO","m",0.9,1472.16,{"$f":"G52*K$1","v":1853.5966560000002},{"$f":"ROUND(F52*H52,2)","v":1668.24},1472.16]
["12.43","CPU","CPU011","GUARDA-CORPO DE AÇO CARBONO, MONTANTES TUBULARES DE 1.1/2\" ESPAÇADOS EM 0,75M, ALTURA APROXIMADA DE 0,90M, PREPARADO COM FUNDO E TINTA EPÓXI NA COR AMARELA","m",1.9,530.32894900000008,667.73717968590017,1268.7,{"$f":"CPU!I205","v":530.32894900000008}]
["12.44","CPU","CPU013","FORNECIMENTO E INSTALAÇÃO DE SUPORTE PARA CAIXA D'ÁGUA EM METALON","un",1,3339.1632724000001,{"$f":"G54*K$1","v":4204.3404762788405},{"$f":"ROUND(F54*H54,2)","v":4204.34},{"$f":"CPU!I259","v":3339.1632724000001}]
["12.45",null,null,"MATERIAIS",{"$nulls":4},{"$f":"SUM(I56:I104)","v":161284.93000000002}]
["12.46","Cotação",null,"CONTAINER HIGH CUBE 40 PÉS 12,2X2,3X2,9 (COMPXLARGXALTU)","un",2,{"$f":"J56","v":20159},{"$f":"G56*K$2","v":22900.623999999996},{"$f":"ROUND(F56*H56,2)","v":45801.25},{"$f":"CPU!I239","v":20159}]
["12.47","Sinapi",89356,"TUBO PVC, SOLDAVEL, DN 25 MM, AGUA FRIA (NBR-5648)","m",6,23.85,{"$f":"G57*K$2","v":27.093599999999999},{"$f":"ROUND(F57*H57,2)","v":162.56},23.85]
["12.48","Sinapi",89357,"TUBO PVC, SOLDAVEL, DN 32 MM, AGUA FRIA (NBR-5648)","m",18,32.58,37.010879999999993,{"$f":"ROUND(F58*H58,2)","v":666.2},32.58]
["12.49","Sinapi",89448,"TUBO PVC, SOLDAVEL, DN 40 MM, AGUA FRIA (NBR-5648) ","m",15.97,14.77,16.778719999999996,{"$f":"ROUND(F59*H59,2)","v":267.95999999999998},14.77]
["12.50","Sinapi",9838,"TUBO PVC SERIE NORMAL, DN 50 MM, PARA ESGOTO PREDIAL (NBR 5688) ","m",30,9.77,11.098719999999998,332.96,9.77]
["12.51","Sinapi",89362,"JOELHO 90 GRAUS, PVC, SOLDÁVEL, DN 25MM, INSTALADO EM RAMAL OU SUB-RAMAL DE ÁGUA - FORNECIMENTO E INSTALAÇÃO. AF_06/2022","un",5,9.56,10.86016,54.3,9.56]
["12.52","Sinapi",89367,"JOELHO 90 GRAUS, PVC, SOLDÁVEL, DN 32MM, INSTALADO EM RAMAL OU SUB-RAMAL DE ÁGUA - FORNECIMENTO E INSTALAÇÃO. AF_06/2022","un",4,13.1,14.881599999999999,59.53,13.1]
["12.53","Sinapi",89497,"JOELHO 90 GRAUS, PVC, SOLDÁVEL, DN 40MM, INSTALADO EM PRUMADA DE ÁGUA - FORNECIMENTO E INSTALAÇÃO. AF_06/2022","un",3,12.95,14.711199999999998,44.13,12.95]
["12.54","Sinapi",3874,"LUVA SOLDAVEL COM BUCHA DE LATÃO DN25X1/2\"","un",5,5.45,6.1911999999999994,30.96,5.45]
["12.55","Sinapi",12909,"CAP PVC, SOLDAVEL, DN 50 MM, SERIE NORMAL, PARA ESGOTO PREDIAL","un",3,4.07,4.6235200000000001,13.87,4.07]
["12.56","Sinapi",7136,"TE DE REDUCAO, PVC, SOLDAVEL, 90 GRAUS, 32 MM X 25 MM, PARA AGUA FRIA PREDIAL","un",5,6.58,7.4748799999999997,37.369999999999997,6.58]
["12.57","Sinapi",97,"ADAPTADOR PVC SOLDAVEL, COM FLANGE E ANEL DE VEDACAO, 32 MM X 1\", PARA CAIXA D'ÁGUA","un",1,18.25,20.731999999999999,20.73,18.25]
["12.58","Sinapi",98,"ADAPTADOR PVC SOLDAVEL, COM FLANGE E ANEL DE VEDACAO, 40 MM X 1 1/4\", PARA CAIXA D'ÁGUA","un",1,25.82,29.331519999999998,29.33,25.82]
["12.59","Sinapi",11871,"CAIXA D'AGUA EM POLIETILENO 500 LITROS, COM TAMPA","un",1,424.66,482.41375999999997,482.41,424.66]
["12.60","Sinapi",94795,"TORNEIRA DE BOIA PARA CAIXA D'ÁGUA, ROSCÁVEL, 1/2\" - FORNECIMENTO E INSTALAÇÃO. AF_08/2021","un",1,28.55,32.4328,32.43,28.55]
["12.61","Sinapi",799,"BUCHA DE REDUCAO PVC, ROSCAVEL, 1\" X 1/2\"","un",1,3.46,3.9305599999999994,3.93,3.46]
["12.62","Sinapi",11746,"VALVULA DE ESFERA BRUTA EM BRONZE, BITOLA 1”","un",1,85.24,96.832639999999984,96.83,85.24]
["12.63","Sinapi",4177,"NIPLE DE FERRO GALVANIZADO, COM ROSCA BSP, DE 1/2\"","un",1,5.47,6.213919999999999,6.21,5.47]
["12.64","Sinapi",3855,"LUVA SOLDAVEL COM BUCHA DE LATÃO DN25X1/2\"","un",1,5.08,5.77088,5.77,5.08]
["12.65","Sinapi",11674,"REGISTRO ESFERA PVC DN25 SOLDAVEL","un",1,22.9,26.014399999999995,26.01,22.9]
["12.66","Sinapi",35277,"CAIXA DE GORDURA EM PVC, DIAMETRO MINIMO 300 MM, DIAMETRO DE SAIDA 100 MM CAPACIDADE APROXIMADA 18 LITROS, COM TAMPA E CESTO","un",2,286.19,325.11183999999997,650.22,286.19]
["12.67","Sinapi",89482,"CAIXA SIFONADA, PVC, DN 100 X 100 X 50 MM, FORNECIDA E INSTALADA EM RAMAIS DE ENCAMINHAMENTO DE ÁGUA PLUVIAL. AF_06/2022","un",5,33.39,37.931039999999996,189.66,33.39]
["12.68","Sinapi",89502,"JOELHO 45 GRAUS, PVC, SOLDÁVEL, DN 50MM, INSTALADO EM PRUMADA DE ÁGUA - FORNECIMENTO E INSTALAÇÃO. AF_06/2022","un",4,16.54,18.789439999999999,75.16,16.54]
["12.69","Sinapi",89501,"JOELHO 90 GRAUS, PVC, SOLDÁVEL, DN 50MM, INSTALADO EM PRUMADA DE ÁGUA - FORNECIMENTO E INSTALAÇÃO. AF_06/2022","un",10,14.09,16.006239999999998,160.06,14.09]
["12.70","Sinapi",103995,"LUVA, PVC, SOLDÁVEL, DN 50MM, INSTALADO EM RAMAL DE DISTRIBUIÇÃO DE ÁGUA - FORNECIMENTO E INSTALAÇÃO. AF_06/2022","un",21,14.85,16.869599999999998,354.26,14.85]
["12.71","Sinapi",89567,"JUNÇÃO SIMPLES, PVC, SERIE R, ÁGUA PLUVIAL, DN 100 X 100 MM, JUNTA ELÁSTICA, FORNECIDO E INSTALADO EM RAMAL DE ENCAMINHAMENTO. AF_06/2022","un",6,76.650000000000006,87.074399999999997,522.45000000000005,76.650000000000006]
["12.72","Sinapi",12909,"CAP PVC, SOLDAVEL, DN 50 MM, SERIE NORMAL, PARA ESGOTO","un",1,4.07,4.6235200000000001,4.62,4.07]
["12.73","Sinapi",34628,"DISJUNTOR TIPO DIN/IEC, BIPOLAR 63 A","un",1,93.63,106.36367999999999,106.36,93.63]
["12.74","Sinapi",34616,"DISJUNTOR TIPO DIN/IEC, BIPOLAR DE 6 ATE 32A","un",6,66.39,75.419039999999995,452.51,66.39]
["12.75","ORSE","07943/ORSE","DISJUNTOR BIPOLAR DR 25A - DISPOSITIVO DIFERENCIAL RESIDUAL, TIPO AC, 30MA","un",3,278.5,316.37599999999998,949.13,278.5]
["12.76","Sinapi",39805,"QUADRO DE DISTRIBUICAO, EM PVC, DE EMBUTIR, COM BARRAMENTO TERRA / NEUTRO, PARA 12 DISJUNTORES NEMA OU 16 DISJUNTORES DIN","un",1,209.38,237.85567999999998,237.86,209.38]
["12.77","Sinapi",1014,"CABO DE COBRE, FLEXIVEL, CLASSE 4 OU 5, ISOLACAO EM PVC/A, ANTICHAMA BWF-B, 1 CONDUTOR, 450/750 V, SECAO NOMINAL 2,5 Mm²","m",397.5,2.34,2.6582399999999997,1056.6500000000001,2.34]
["12.78","Sinapi",39471,"DISPOSITIVO DPS CLASSE II, 1 POLO, TENSAO MAXIMA DE 275 V, CORRENTE MAXIMA DE *45* KA (TIPO AC)","un",2,133.33000000000001,151.46288000000001,302.93,133.33000000000001]
["12.79","Sinapi",981,"CABO DE COBRE, FLEXIVEL, CLASSE 4 OU 5, ISOLACAO EM PVC/A, ANTICHAMA BWF-B, 1 CONDUTOR, 450/750 V, SECAO NOMINAL 4 Mm²","m",77.58,3.89,4.4190399999999999,342.83,3.89]
["12.80","Sinapi",993,"CABO DE COBRE, FLEXIVEL, CLASSE 4 OU 5, ISOLACAO EM PVC/A, ANTICHAMA BWF-B, COBERTURA PVC-ST1, ANTICHAMA BWF-B, 1 CONDUTOR, 0,6/1 KV, SECAO NOMINAL 1,5 Mm²","m",396.4,2,2.2719999999999998,900.62,2]
["12.81","Sinapi",38076,"TOMADAS (2 MODULOS) 2P+T 10A, 250V, CONJUNTO MONTADO PARA EMBUTIR 4\" X 2\" (PLACA + SUPORTE + MODULOS)","un",11,16.8,19.084799999999998,209.93,16.8]
["12.82","Sinapi",1871,"CAIXA OCTOGONAL DE FUNDO MOVEL, EM PVC, DE 3\" X 3\", PARA ELETRODUTO FLEXIVEL CORRUGADO","un",8,6.26,7.1113599999999995,56.89,6.26]
["12.83","Sinapi",2689,"ELETRODUTO PVC FLEXIVEL CORRUGADO, COR AMARELA, DE 20 MM","m",15.53,2.82,3.2035199999999997,49.75,2.82]
["12.84","Sinapi",2688,"ELETRODUTO PVC FLEXIVEL CORRUGADO, COR AMARELA, DE 25 MM","m",71.739999999999995,3.06,3.4761599999999997,249.38,3.06]
["12.85","Sinapi",20111,"FITA ISOLANTE ADESIVA ANTICHAMA, USO ATE 750 V, EM ROLO DE 19 MM X 20 M","un",6,17.2,19.539199999999997,117.24,17.2]
["12.86","Sinapi",1873,"CAIXA DE PASSAGEM, EM PVC, DE 4\" X 4\", PARA ELETRODUTO FLEXIVEL CORRUGADO","un",1,6.95,7.8951999999999991,7.9,6.95]
["12.87","Sinapi",38063,"INTERRUPTOR PARALELO 10A, 250V, CONJUNTO MONTADO PARA EMBUTIR 4\" X 2\" (PLACA + SUPORTE + MODULO)","un",4,9.0399999999999991,10.269439999999998,41.08,9.0399999999999991]
["12.88","Sinapi",38078,"INTERRUPTOR PARALELO + TOMADA 2P+T 10A, 250V, CONJUNTO MONTADO PARA EMBUTIR 4\" X 2\" (PLACA + SUPORTE + MODULOS)","un",1,15.51,17.619359999999997,17.62,15.51]
["12.89","Sinapi",38775,"LUMINARIA TIPO TARTARUGA PARA AREA EXTERNA EM ALUMINIO, COM GRADE, PARA 1 LAMPADA, BASE E27, POTENCIA MAXIMA 40/60 W (NAO INCLUI LAMPADA)","un",8,80.790000000000006,{"$f":"(G99*K$2)","v":91.777439999999999},734.22,80.790000000000006]
["12.90","Sinapi",10569,"CAIXA DE PASSAGEM / DERIVACAO / LUZ, OCTOGONAL 4 X4, EM ACO ESMALTADA, COM FUNDO MOVEL SIMPLES (FMS)","un",6,2.82,3.2035199999999997,19.22,2.82]
["12.91","Sinapi",100954,"TRANSPORTE COM CAMINHÃO CARROCERIA COM GUINDAUTO (MUNCK),  MOMENTO MÁXIMO DE CARGA 11,7 TM, EM VIA INTERNA (DENTRO DO CANTEIRO - UNIDADE: TXKM). AF_07/2020","TXKM",600,8.94,10.155839999999998,6093.5,8.94]
["12.92","Sinapi",100788,"KIT CAVALETE PARA GÁS - SEM MEDIDOR OU REGULADOR - ENTRADA INDIVIDUAL PRINCIPAL, EM AÇO GALVANIZADO DN 15 E 25 MM (1/2\" E 1\") - FORNECIMENTO E INSTALAÇÃO","und",1,768.24,872.72063999999989,{"$f":"ROUND(F102*H102,2)","v":872.72},768.24]
["12.93","CPU","CPU008","CHAPA XADREZ EM ALUMINIO PARA PISO e:3mm, INCLUSO REBITE PARA FIXAÇÃO - APENAS MATERIAL","m²",56.543999999999997,524.98239999999998,596.38000639999996,33721.71,{"$f":"CPU!I157","v":524.98239999999998}]
["12.94","CPU","CPU006","REVESTIMENTO DE PAREDES EM CHAPAS DE AÇO INOXIDÁVEL AISI 304  - APENAS MATERIAL","m²",160.29,354.846,403.10505599999999,64613.71,{"$f":"CPU!I126","v":354.846}]

{"sheet":"CPU","index":2,"n_rows":259,"n_cols":9,"rows_kept":259,"cut":false,"hidden":false,"merged":[[231,0,231,8],[213,0,213,7],[214,0,214,8],[217,0,217,7],[218,0,218,2],[218,4,218,7],[219,0,219,7],[173,0,173,8],[177,0,177,7],[178,0,178,2],[178,4,178,7],[179,0,179,7],[180,0,180,7],[181,0,181,7],[223,0,223,7],[224,0,224,6],[203,0,203,7],[204,0,204,7],[206,0,206,7],[207,0,207,6],[208,0,208,6],[209,0,209,8],[195,0,195,7],[196,0,196,8],[201,0,201,2],[201,4,201,7],[202,0,202,7],[183,0,183,7],[184,0,184,6],[185,0,185,6],[161,0,161,8],[165,0,165,7],[166,0,166,2],[166,4,166,7],[167,0,167,7],[168,0,168,7],[170,0,170,7],[171,0,171,6],[172,0,172,6],[149,0,149,6],[150,0,150,8],[154,0,154,7],[155,0,155,7],[156,0,156,7],[158,0,158,7],[159,0,159,6],[160,0,160,6],[200,0,200,7],[140,0,140,7],[141,0,141,2],[141,4,141,7],[142,0,142,7],[143,0,143,7],[144,0,144,7],[146,0,146,8],[147,0,147,7],[148,0,148,6],[0,0,0,8],[1,0,1,8],[2,0,2,8],[3,0,4,6],[3,7,3,8],[4,7,4,8],[5,0,5,8],[6,0,6,8],[7,0,7,7],[8,0,8,6],[17,0,17,7],[18,0,18,7],[19,0,19,8],[20,0,20,7],[21,0,21,6],[22,0,22,6],[9,0,9,6],[10,0,10,8],[14,0,14,7],[15,0,15,2],[15,4,15,7],[16,0,16,7],[31,0,31,7],[23,0,23,8],[27,0,27,7],[28,0,28,2],[28,4,28,7],[29,0,29,7],[30,0,30,7],[32,0,32,8],[33,0,33,7],[53,0,53,6],[54,0,54,8],[57,0,57,7],[58,0,58,2],[58,4,58,7],[59,0,59,7],[34,0,34,6],[47,0,47,7],[48,0,48,7],[49,0,49,7],[50,0,50,8],[51,0,51,7],[52,0,52,6],[35,0,35,6],[36,0,36,8],[40,0,40,7],[41,0,41,8],[45,0,45,7],[46,0,46,2],[46,4,46,7],[66,0,66,8],[69,0,69,7],[70,0,70,2],[70,4,70,7],[71,0,71,7],[72,0,72,7],[60,0,60,7],[61,0,61,7],[62,0,62,8],[63,0,63,7],[64,0,64,6],[65,0,65,6],[82,0,82,7],[83,0,83,8],[87,0,87,7],[88,0,88,2],[88,4,88,7],[89,0,89,7],[73,0,73,7],[74,0,74,8],[75,0,75,7],[76,0,76,6],[77,0,77,6],[78,0,78,8],[112,0,112,7],[113,0,113,7],[114,0,114,8],[90,0,90,7],[91,0,91,7],[92,0,92,8],[93,0,93,7],[94,0,94,6],[95,0,95,6],[237,0,237,7],[234,0,234,7],[238,0,238,7],[130,0,130,8],[135,0,135,7],[136,0,136,8],[96,0,96,8],[101,0,101,7],[102,0,102,8],[105,0,105,7],[106,0,106,8],[109,0,109,7],[118,0,118,8],[122,0,122,7],[123,0,123,7],[124,0,124,7],[125,0,125,7],[126,0,126,8],[127,0,127,7],[128,0,128,6],[129,0,129,6],[110,0,110,2],[110,4,110,7],[111,0,111,7],[225,0,225,6],[226,0,226,8],[230,0,230,7],[115,0,115,7],[116,0,116,6],[117,0,117,6],[186,0,186,8],[257,0,257,7],[258,0,258,7],[249,0,249,7],[250,0,250,8],[254,0,254,7],[255,0,255,2],[255,4,255,7],[256,0,256,7],[220,0,220,7],[221,0,221,7],[240,0,240,7],[241,0,241,6],[242,0,242,6],[243,0,243,8],[235,0,235,2],[235,4,235,7],[236,0,236,7]]}
["MINISTÉRIO DO DESENVOLVIMENTO REGIONAL - MDR"]
["COMPANHIA DE DESENVOLVIMENTO DOS VALES DO SÃO FRANCISCO E DO PARNAÍBA"]
["SEDE"]
["PLANILHA ORÇAMENTÁRIA DE ESTIMATIVA GERAL PARA O ESTADO DE PERNAMBUCO (15ª SR)",{"$nulls":6},"Base SINAPI-PE 03-2025   "]
[{"$nulls":7},"Data: Maio - 2025"]
["COMPOSIÇÕES DE PREÇO UNITÁRIO"]
[]
[" COMPOSIÇÃO DE PREÇO UNITÁRIO",{"$nulls":7},"CPU001"]
["DESCRIÇÃO DO SERVIÇO",{"$nulls":6},"DATA BASE: ","2025-03-01"]
["EXECUÇÃO DE INSTALAÇÕES HIDROSSANITÁRIAS, EXCLUSIVE EQUIPAMENTOS",{"$nulls":6},"UNIDADE: ","cj"]
["MÃO DE OBRA"]
["BASE","CÓDIGO","DISCRIMINAÇÃO","UNI","QUANT.",null,null,"P.UNIT.","P.TOTAL"]
["SINAPI",88316,"SERVENTE DE OBRAS ","h",80,null,null,22.95,{"$f":"E13*H13","v":1836}]
["SINAPI",88309,"PEDREIRO","h",40,null,null,28.34,{"$f":"E14*H14","v":1133.5999999999999}]
["SUB-TOTAL",{"$nulls":7},{"$f":"SUM(I13:I14)","v":2969.6}]
["PRODUÇÃO DA EQUIPE",null,null,1,"CUSTO ",null,null,null,{"$f":"SUM(I15)","v":2969.6}]
["TOTAL - R$",{"$nulls":7},{"$f":"I16/D16","v":2969.6}]
["BDI                %",{"$nulls":7},1]
["TOTAL DO SERVIÇO - R$",{"$nulls":7},{"$f":"I17*I18","v":2969.6}]
[]
[" COMPOSIÇÃO DE PREÇO UNITÁRIO",{"$nulls":7},"CPU002"]
["DESCRIÇÃO DO SERVIÇO",{"$nulls":6},"DATA BASE: ","2025-03-01"]
["EXECUÇÃO DE INSTALAÇÕES ELÉTRICAS, EXCLUSIVE EQUIPAMENTOS",{"$nulls":6},"UNIDADE: ","cj"]
["MÃO DE OBRA"]
["BASE","CÓDIGO","DISCRIMINAÇÃO","UNI","QUANT.",null,null,"P.UNIT.","P.TOTAL"]
["SINAPI",88247,"AUXILIAR DE ELETRICISTA","h",80,null,null,24.32,{"$f":"E26*H26","v":1945.6}]
["SINAPI",88264,"ELETRICISTA","h",40,null,null,28.71,{"$f":"E27*H27","v":1148.4000000000001}]
["SUB-TOTAL",{"$nulls":7},{"$f":"SUM(I26:I27)","v":3094}]
["PRODUÇÃO DA EQUIPE",null,null,1,"CUSTO ",null,null,null,{"$f":"SUM(I28)","v":3094}]
["TOTAL - R$",{"$nulls":7},{"$f":"I29/D29","v":3094}]
["BDI                %",{"$nulls":7},1]
["TOTAL DO SERVIÇO - R$",{"$nulls":7},{"$f":"I30*I31","v":3094}]
[]
[" COMPOSIÇÃO DE PREÇO UNITÁRIO",{"$nulls":7},"CPU003"]
["DESCRIÇÃO DO SERVIÇO",{"$nulls":6},"DATA BASE: ","2025-03-01"]
["CORTE DE CONTAINER PARA ESQUADRIAS",{"$nulls":6},"UNIDADE: ","m²"]
["MATERIAL"]
["BASE","CÓDIGO","DISCRIMINAÇÃO","UNI","QUANT.",null,null,"P.UNIT.","P.TOTAL"]
["SINAPI",11359,"ESMERILHADEIRA ANGULAR ELETRICA, DIAMETRO DO DISCO 7 '' (180 MM), ROTACAO 8500RPM, POTENCIA 2400 W","un",7.0999999999999994E-2,null,null,986.6,{"$f":"E39*H39","v":70.048599999999993}]
["SINAPI",44531,"DISCO DE CORTE DIAMANTADO SEGMENTADO DIAMETRO DE 180 MM PARA ESMERILHADEIRA 7 \"","un",1,null,null,103.09,{"$f":"E40*H40","v":103.09}]
["SUB-TOTAL",{"$nulls":7},{"$f":"SUM(I39:I40)","v":173.1386}]
["MÃO DE OBRA"]
["BASE","CÓDIGO","DISCRIMINAÇÃO","UNI","QUANT.",null,null,"P.UNIT.","P.TOTAL"]
["SINAPI",88317,"SOLDADOR COM ENCARGOS COMPLEMENTARES ","h",0.5,null,null,29.08,{"$f":"E44*H44","v":14.54}]
["SINAPI",88315,"SERRALHEIRO COM ENCARGOS COMPLEMENTARES ","h",0.5,null,null,28.14,{"$f":"E45*H45","v":14.07}]
["SUB-TOTAL",{"$nulls":7},{"$f":"SUM(I44:I45)","v":28.61}]
["PRODUÇÃO DA EQUIPE",null,null,1,"CUSTO ",null,null,null,{"$f":"I46+I41","v":201.74860000000001}]
["TOTAL - R$",{"$nulls":7},{"$f":"I47/D47","v":201.74860000000001}]
["BDI                %",{"$nulls":7},1]
["TOTAL DO SERVIÇO - R$",{"$nulls":7},{"$f":"I48*I49","v":201.74860000000001}]
[]
[" COMPOSIÇÃO DE PREÇO UNITÁRIO",{"$nulls":7},"CPU010"]
["DESCRIÇÃO DO SERVIÇO",{"$nulls":6},"DATA BASE: ","2024-07-01"]
["FORNECIMENTO E MONTAGEM DE ESTRUTURA PARA COBERTURA COM ÁREA TOTAL DE 86,27 M² INCLUINDO CALHA E TELHA SANDUÍCHE",{"$nulls":6},"UNIDADE: ","cj"]
["MÃO DE OBRA"]
["BASE","CÓDIGO","DISCRIMINAÇÃO","UNI","QUANT.",null,null,"P.UNIT.","P.TOTAL"]
["COTAÇÃO",null,"FABRICAÇÃO E MONTAGEM DE ESTRUTURA METÁLICA PARA COBERTURA DE UNIDADE COM ÁREA TOTAL DE 86,26 M²","cj",1,null,null,24877.99,{"$f":"E57*H57","v":24877.99}]
["SUB-TOTAL",{"$nulls":7},{"$f":"SUM(I57:I57)","v":24877.99}]
["PRODUÇÃO DA EQUIPE",null,null,1,"CUSTO ",null,null,null,{"$f":"SUM(I58)","v":24877.99}]
["TOTAL - R$",{"$nulls":7},{"$f":"I59/D59","v":24877.99}]
["BDI                %",{"$nulls":7},1]
["TOTAL DO SERVIÇO - R$",{"$nulls":7},{"$f":"I60*I61","v":24877.99}]
[]
[" COMPOSIÇÃO DE PREÇO UNITÁRIO",{"$nulls":7},"CPU011"]
["DESCRIÇÃO DO SERVIÇO",{"$nulls":6},"DATA BASE: ","2024-07-01"]
["FORNECIMENTO E MONTAGEM DE ESTRUTURA PARA COBERTURA COM ÁREA TOTAL DE 137,9 M² INCLUINDO CALHA E TELHA SANDUÍCHE",{"$nulls":6},"UNIDADE: ","cj"]
["MÃO DE OBRA"]
["BASE","CÓDIGO","DISCRIMINAÇÃO","UNI","QUANT.",null,null,"P.UNIT.","P.TOTAL"]
["COTAÇÃO",null,"FABRICAÇÃO E MONTAGEM DE ESTRUTURA METÁLICA PARA COBERTURA DE UNIDADE COM ÁREA TOTAL DE 137,9 M²","cj",1,null,null,39043.9,{"$f":"E69*H69","v":39043.9}]
["SUB-TOTAL",{"$nulls":7},{"$f":"SUM(I69:I69)","v":39043.9}]
["PRODUÇÃO DA EQUIPE",null,null,1,"CUSTO ",null,null,null,{"$f":"SUM(I70)","v":39043.9}]
["TOTAL - R$",{"$nulls":7},{"$f":"I71/D71","v":39043.9}]
["BDI                %",{"$nulls":7},1]
["TOTAL DO SERVIÇO - R$",{"$nulls":7},{"$f":"I72*I73","v":39043.9}]
[]
[" COMPOSIÇÃO DE PREÇO UNITÁRIO",{"$nulls":7},"CPU004"]
["DESCRIÇÃO DO SERVIÇO",{"$nulls":6},"DATA BASE: ","2025-03-01"]
["MODIFICAÇÕES NO CONTAINER COM CORTE POR ESMERILHADEIRA ",{"$nulls":6},"UNIDADE: ","m"]
["MATERIAL"]
["BASE","CÓDIGO","DISCRIMINAÇÃO","UNI","QUANT.",null,null,"P.UNIT.","P.TOTAL"]
["SINAPI",11359,"ESMERILHADEIRA ANGULAR ELETRICA, DIAMETRO DO DISCO 7 '' (180 MM), ROTACAO 8500RPM, POTENCIA 2400 W","un",0.04,null,null,986.6,{"$f":"E81*H81","v":39.463999999999999}]
["SINAPI",44531,"DISCO DE CORTE DIAMANTADO SEGMENTADO DIAMETRO DE 180 MM PARA ESMERILHADEIRA 7 \"","un",0.5,null,null,103.09,{"$f":"E82*H82","v":51.545000000000002}]
["SUB-TOTAL",{"$nulls":7},{"$f":"SUM(I81:I82)","v":91.009}]
["MÃO DE OBRA"]
["BASE","CÓDIGO","DISCRIMINAÇÃO","UNI","QUANT.",null,null,"P.UNIT.","P.TOTAL"]
["SINAPI",88317,"SOLDADOR COM ENCARGOS COMPLEMENTARES ","h",0.25,null,null,29.08,{"$f":"E86*H86","v":7.27}]
["SINAPI",88315,"SERRALHEIRO COM ENCARGOS COMPLEMENTARES ","h",0.25,null,null,28.14,{"$f":"E87*H87","v":7.0350000000000001}]
["SUB-TOTAL",{"$nulls":7},{"$f":"SUM(I86:I87)","v":14.305}]
["PRODUÇÃO DA EQUIPE",null,null,1,"CUSTO ",null,null,null,{"$f":"I88+I83","v":105.31399999999999}]
["TOTAL - R$",{"$nulls":7},{"$f":"I89/D89","v":105.31399999999999}]
["BDI                %",{"$nulls":7},1]
["TOTAL DO SERVIÇO - R$",{"$nulls":7},{"$f":"I90*I91","v":105.31399999999999}]
[]
[" COMPOSIÇÃO DE PREÇO UNITÁRIO",{"$nulls":7},"CPU005"]
["DESCRIÇÃO DO SERVIÇO",{"$nulls":6},"DATA BASE: ","2025-03-01"]
["MODIFICAÇÕES NO CONTAINER UNIÃO ATRAVÉS DO PROCESSO DE SOLDAGEM, INCLUSO IÇAMENTO DO CONTAINER",{"$nulls":6},"UNIDADE: ","m"]
["EQUIPAMENTO"]
["BASE","CÓDIGO","DISCRIMINAÇÃO","UNI","QUANT.",null,null,"P.UNIT.","P.TOTAL"]
["SINAPI",92716,"APARELHO PARA CORTE E SOLDA OXI-ACETILENO SOBRE RODAS, INCLUSIVE CILINDROS E MAÇARICOS ","chp",0.18459999999999999,null,null,109.33,{"$f":"E99*H99","v":20.182317999999999}]
["SINAPI",92715,"APARELHO PARA CORTE E SOLDA OXI-ACETILENO SOBRE RODAS, INCLUSIVE CILINDROS E MAÇARICOS - MATERIAIS NA OPERAÇÃO. ","h",1.56,null,null,109,{"$f":"E100*H100","v":170.04}]
["SINAPI",5928,"GUINDAUTO HIDRÁULICO, CAPACIDADE MÁXIMA DE CARGA 6200 KG, MOMENTO MÁXIMO DE CARGA 11,7 TM, ALCANCE MÁXIMO HORIZONTAL 9,70 M, INCLUSIVE CAMINHÃO TOCO PBT 16.000 KG, POTÊNCIA DE 189 CV","chp",0.23880000000000001,null,null,291.2,{"$f":"E101*H101","v":69.538560000000004}]
["SUB-TOTAL",{"$nulls":7},{"$f":"SUM(I99:I101)","v":259.76087799999999}]
["SERVIÇOS - COMPOSIÇÕES AUXILIARES"]
["BASE","CÓDIGO","DISCRIMINAÇÃO","UNI","QUANT.",null,null,"P.UNIT.","P.TOTAL"]
["SINAPI",98746,"SOLDA DE TOPO EM CHAPA/PERFIL/TUBO DE AÇO CHANFRADO, ESPESSURA=1/4''. ","m",1,null,null,63.9,{"$f":"E105*H105","v":63.9}]
["SUB-TOTAL",{"$nulls":7},{"$f":"SUM(I105:I105)","v":63.9}]
["MÃO DE OBRA"]
["BASE","CÓDIGO","DISCRIMINAÇÃO","UNI","QUANT.",null,null,"P.UNIT.","P.TOTAL"]
["SINAPI",88317,"SOLDADOR COM ENCARGOS COMPLEMENTARES ","h",1.56,null,null,29.08,{"$f":"E109*H109","v":45.364799999999995}]
["SUB-TOTAL",{"$nulls":7},{"$f":"SUM(I109:I109)","v":45.364799999999995}]
["PRODUÇÃO DA EQUIPE",null,null,1,"CUSTO ",null,null,null,{"$f":"I110+I102+I106","v":369.02567799999997}]
["TOTAL - R$",{"$nulls":7},{"$f":"I111/D111","v":369.02567799999997}]
["BDI                %",{"$nulls":7},1]
["TOTAL DO SERVIÇO - R$",{"$nulls":7},{"$f":"I112*I113","v":369.02567799999997}]
[]
[" COMPOSIÇÃO DE PREÇO UNITÁRIO",{"$nulls":7},"CPU006"]
["DESCRIÇÃO DO SERVIÇO",{"$nulls":6},"DATA BASE: ","2025-03-01"]
["REVESTIMENTO DE PAREDES EM CHAPAS DE AÇO INOXIDÁVEL AISI 304 - CONSIDERANDO CHAPA DE 1,2mm",{"$nulls":6},"UNIDADE: ","M²"]
["APENAS MATERIAL"]
["BASE","CÓDIGO","DISCRIMINAÇÃO","UNI","QUANT.",null,null,"P.UNIT.","P.TOTAL"]
["COTAÇÃO",null,"CHAPAS DE AÇO INOXIDÁVEL AISI 304","KG",9.6,null,null,34,{"$f":"E121*H121","v":326.39999999999998}]
["SINAPI",131,"ADESIVO ESTRUTURAL A BASE DE RESINA EPOXI, BICOMPONENTE, PASTOSO (TIXOTROPICO)","KG",0.6,null,null,47.41,{"$f":"E122*H122","v":28.445999999999998}]
["SUB-TOTAL",{"$nulls":7},{"$f":"SUM(I121:I122)","v":354.846}]
["TOTAL - R$",{"$nulls":7},{"$f":"I123","v":354.846}]
["BDI                %",{"$nulls":7},1]
["TOTAL DO SERVIÇO - R$",{"$nulls":7},{"$f":"I124*I125","v":354.846}]
[]
[" COMPOSIÇÃO DE PREÇO UNITÁRIO",{"$nulls":7},"CPU007"]
["DESCRIÇÃO DO SERVIÇO",{"$nulls":6},"DATA BASE: ","2025-03-01"]
["REVESTIMENTO CERÂMICO PARA PISO COM PLACAS TIPO ESMALTADA DE DIMENSÕES 45x45cm COM ARGAMASSA AC III",{"$nulls":6},"UNIDADE: ","m²"]
["MATERIAL"]
["BASE","CÓDIGO","DISCRIMINAÇÃO","UNI","QUANT.",null,null,"P.UNIT.","P.TOTAL"]
["Sinapi",37596,"ARGAMASSA COLANTE TIPO AC III E","KG",9.1325000000000003,null,null,3.35,{"$f":"E133*H133","v":30.593875000000001}]
["Sinapi",1287,"PISO EM CERAMICA ESMALTADA EXTRA, COR LISA, PEI MAIOR OU IGUAL A 4, FORMATO MENOR OU IGUAL A 5 CM2","m²",1.1135999999999999,null,null,36.33,{"$f":"E134*H134","v":40.457087999999999}]
["Sinapi",34357,"REJUNTE CIMENTÍCIO, QUALQUER COR","KG",0.188,null,null,5.57,{"$f":"E135*H135","v":1.0471600000000001}]
["SUB-TOTAL",{"$nulls":7},{"$f":"SUM(I133:I135)","v":72.098123000000001}]
["MÃO DE OBRA"]
["BASE","CÓDIGO","DISCRIMINAÇÃO","UNI","QUANT.",null,null,"P.UNIT.","P.TOTAL"]
["SINAPI",88317,"AZULEJISTA OU LADRILHISTA COM ENCARGOS COMPLEMENTARES","h",0.80640000000000001,null,null,27.22,{"$f":"E139*H139","v":21.950208}]
["SINAPI",88316,"SERVENTE COM ENCARGOS COMPLEMENTARES","h",0.20680000000000001,null,null,21.05,{"$f":"E140*H140","v":4.3531400000000007}]
["SUB-TOTAL",{"$nulls":7},{"$f":"SUM(I139:I140)","v":26.303348}]
["PRODUÇÃO DA EQUIPE",null,null,1,"CUSTO ",null,null,null,{"$f":"I141+I136","v":98.401471000000001}]
["TOTAL - R$",{"$nulls":7},{"$f":"I142/D142","v":98.401471000000001}]
["BDI                %",{"$nulls":7},1]
["TOTAL DO SERVIÇO - R$",{"$nulls":7},{"$f":"I143*I144","v":98.401471000000001}]
[]
[]
[" COMPOSIÇÃO DE PREÇO UNITÁRIO",{"$nulls":7},"CPU008"]
["DESCRIÇÃO DO SERVIÇO",{"$nulls":6},"DATA BASE: ","2025-03-01"]
["CHAPA XADREZ EM ALUMINIO PARA PISO e:3mm, INCLUSO REBITE PARA FIXAÇÃO - MATERIAL",{"$nulls":6},"UNIDADE: ","m"]
["MATERIAL"]
["BASE","CÓDIGO","DISCRIMINAÇÃO","UNI","QUANT.",null,null,"P.UNIT.","P.TOTAL"]
["SINAPI",1337,"CHAPA DE ACO XADREZ PARA PISOS, E = 1/4\" (6,30 MM) 54,53 KG/M2","kg",38,null,null,9.08,{"$f":"E153*H153","v":345.04}]
["SINAPI",10997,"ELETRODO REVESTIDO AWS - E7018, DIAMETRO IGUAL A 4,00 MM","Kg",2.88,null,null,62.48,{"$f":"E154*H154","v":179.94239999999999}]
["SUB-TOTAL",{"$nulls":7},{"$f":"SUM(I153:I154)","v":524.98239999999998}]
["BDI                %",{"$nulls":7},1]
["TOTAL DO SERVIÇO - R$",{"$nulls":7},{"$f":"I155","v":524.98239999999998}]
[]
[" COMPOSIÇÃO DE PREÇO UNITÁRIO",{"$nulls":7},"CPU009"]
["DESCRIÇÃO DO SERVIÇO",{"$nulls":6},"DATA BASE: ","2025-03-01"]
["CHAPA XADREZ EM ALUMINIO PARA PISO e:3mm, INCLUSO REBITE PARA FIXAÇÃO   -  MÃO DE OBRA",{"$nulls":6},"UNIDADE: ","m"]
["MÃO DE OBRA"]
["BASE","CÓDIGO","DISCRIMINAÇÃO","UNI","QUANT.",null,null,"P.UNIT.","P.TOTAL"]
["SINAPI",88315,"SERRALHEIRO COM ENCARGOS","H",8.99,null,null,28.14,{"$f":"E164*H164","v":252.9786}]
["SINAPI",88316,"SERVENTE COM ENCARGOS COMPLEMENTARES","H",6.42,null,null,22.95,{"$f":"E165*H165","v":147.339}]
["SUB-TOTAL",{"$nulls":7},{"$f":"SUM(I164:I165)","v":400.31759999999997}]
["PRODUÇÃO DA EQUIPE",null,null,1,"CUSTO ",null,null,null,{"$f":"I166","v":400.31759999999997}]
["TOTAL - R$",{"$nulls":7},{"$f":"I167/D167","v":400.31759999999997}]
["TOTAL DO SERVIÇO - R$",{"$nulls":7},{"$f":"I167","v":400.31759999999997}]
[]
[" COMPOSIÇÃO DE PREÇO UNITÁRIO",{"$nulls":7},"CPU0010"]
["DESCRIÇÃO DO SERVIÇO",{"$nulls":6},"DATA BASE: ","2025-03-01"]
["REVESTIMENTO DE PAREDES EM CHAPAS DE AÇO INOXIDÁVEL AISI 304 - CONSIDERANDO CHAPA DE 1,2mm",{"$nulls":6},"UNIDADE: ","M²"]
["APENAS MÃO DE OBRA"]
["BASE","CÓDIGO","DISCRIMINAÇÃO","UNI","QUANT.",null,null,"P.UNIT.","P.TOTAL"]
["SINAPI",88317,"SOLDADOR COM ENCARGOS COMPLEMENTARES ","h",0.8,null,null,27.22,{"$f":"E176*H176","v":21.776}]
["SINAPI",88315,"SERRALHEIRO COM ENCARGOS COMPLEMENTARES ","h",0.8,null,null,26.26,{"$f":"E177*H177","v":21.008000000000003}]
["SUB-TOTAL",{"$nulls":7},{"$f":"SUM(I176:I177)","v":42.784000000000006}]
["PRODUÇÃO DA EQUIPE",null,null,1,"CUSTO ",null,null,null,{"$f":"I178","v":42.784000000000006}]
["TOTAL - R$",{"$nulls":7},{"$f":"I179/D179","v":42.784000000000006}]
["BDI                %",{"$nulls":7},1]
["TOTAL DO SERVIÇO - R$",{"$nulls":7},{"$f":"I180*I181","v":42.784000000000006}]
[]
[" COMPOSIÇÃO DE PREÇO UNITÁRIO",{"$nulls":7},"CPU011"]
["DESCRIÇÃO DO SERVIÇO",{"$nulls":6},"DATA BASE: ","2025-03-01"]
["GUARDA-CORPO DE AÇO CARBONO, MONTANTES TUBULARES DE 1.1/2\" ESPAÇADOS EM 0,75M, ALTURA APROXIMADA DE 0,90M, PREPARADO COM FUNDO E TINTA EPÓXI NA COR AMARELA",{"$nulls":6},"UNIDADE: ","m"]
["MATERIAL"]
["BASE","CÓDIGO","DISCRIMINAÇÃO","UNI","QUANT.",null,null,"P.UNIT.","P.TOTAL"]
["SINAPI",1332,"CHAPA DE ACO GROSSA, ASTM A36, E = 3/8 \" (9,53 MM) 74,69 KG/M2","KG","0,8960000",null,null,8.07,{"$f":"E189*H189","v":7.2307200000000007}]
["SINAPI",11002,"ELETRODO REVESTIDO AWS - E6013, DIAMETRO IGUAL A 2,50 MM","KG","0,0650000",null,null,28.81,1.8726499999999999]
["SINAPI",11964,"PARAFUSO DE ACO TIPO CHUMBADOR PARABOLT, DIAMETRO 3/8\", COMPRIMENTO 75 MM","UN","3,3330000",null,null,3.29,10.965570000000001]
["SINAPI",21001,"TUBO ACO CARBONO COM COSTURA, NBR 5580, CLASSE L, DN = 25 MM, E = 2,65 MM, 2,02 KG/M","M",1.0417000000000001,null,null,22.77,23.719509000000002]
["SINAPI",21003,"TUBO ACO CARBONO COM COSTURA, NBR 5580, CLASSE L, DN = 40 MM, E = 3,0 MM, 3,34 KG/M","M",3.0250000000000004,null,null,37.42,113.19550000000002]
["SINAPI",100719,"PINTURA COM TINTA ALQUÍDICA DE FUNDO (TIPO ZARCÃO) PULVERIZADA SOBRE PERFIL METÁLICO EXECUTADO EM FÁBRICA (POR DEMÃO). AF_01/2020_PE","M2",1.1000000000000001,null,null,12.96,14.256000000000002]
["SINAPI",100729,"PINTURA COM TINTA EPOXÍDICA DE ACABAMENTO PULVERIZADA SOBRE PERFIL METÁLICO EXECUTADO EM FÁBRICA (POR DEMÃO). AF_01/2020_PE","M2",1.1000000000000001,null,null,24.19,26.609000000000005]
["SUB-TOTAL",{"$nulls":7},{"$f":"SUM(I189:I195)","v":197.84894900000003}]
["MÃO DE OBRA"]
["BASE","CÓDIGO","DISCRIMINAÇÃO","UNI","QUANT.",null,null,"P.UNIT.","P.TOTAL"]
["SINAPI",88251,"AUXILIAR DE SERRALHEIRO COM ENCARGOS COMPLEMENTARES","H",8,null,null,22.8,{"$f":"E199*H199","v":182.4}]
["SINAPI",88315,"SERRALHEIRO COM ENCARGOS COMPLEMENTARES","H",5.333333333333333,null,null,28.14,{"$f":"E200*H200","v":150.07999999999998}]
["SUB-TOTAL",{"$nulls":7},{"$f":"SUM(I199:I200)","v":332.48}]
["PRODUÇÃO DA EQUIPE",null,null,1,"CUSTO ",null,null,null,{"$f":"I201+I196","v":530.32894900000008}]
["TOTAL - R$",{"$nulls":7},{"$f":"I202/D202","v":530.32894900000008}]
["BDI                %",{"$nulls":7},1]
["TOTAL DO SERVIÇO - R$",{"$nulls":7},{"$f":"I203*I204","v":530.32894900000008}]
[]
[" COMPOSIÇÃO DE PREÇO UNITÁRIO",{"$nulls":7},"CPU0012"]
["DESCRIÇÃO DO SERVIÇO",{"$nulls":6},"DATA BASE: ","2025-03-01"]
["FORNECIMENTO DE CONTAINER DRY BOX 20 PÉS 6,1X2,21X2,6 (COMPXLARGXALTU)",{"$nulls":6},"UNIDADE: ","un"]
["MATERIAL"]
["BASE","CÓDIGO","DISCRIMINAÇÃO","UNI","QUANT.",null,null,"P.UNIT.","P.TOTAL"]
["COTAÇÃO","-","CONTAINER DRY BOX 20 PÉS 6,1X2,21X2,6 (COMPXLARGXALTU)","un",1,null,null,19023,{"$f":"E212*H212","v":19023}]
["COTAÇÃO","-","FRETE DE CONTAINER TIPO CIF","un",1,null,null,null,{"$f":"E213*H213","v":0}]
["SUB-TOTAL",{"$nulls":7},{"$f":"SUM(I212:I213)","v":19023}]
["MÃO DE OBRA"]
["BASE","CÓDIGO","DISCRIMINAÇÃO","UNI","QUANT.",null,null,"P.UNIT.","P.TOTAL"]
["-","-","-","-","-",null,null,"-","-"]
["SUB-TOTAL",{"$nulls":7},{"$f":"SUM(I217:I217)","v":0}]
["PRODUÇÃO DA EQUIPE",null,null,1,"CUSTO ",null,null,null,{"$f":"I218+I214","v":19023}]
["TOTAL - R$",{"$nulls":7},{"$f":"I219/D219","v":19023}]
["BDI                %",{"$nulls":7},1]
["TOTAL DO SERVIÇO - R$",{"$nulls":7},{"$f":"I220*I221","v":19023}]
[]
[" COMPOSIÇÃO DE PREÇO UNITÁRIO",{"$nulls":7},"CPU012"]
["DESCRIÇÃO DO SERVIÇO",{"$nulls":6},"DATA BASE: ","2025-03-01"]
["FORNECIMENTO DE CONTAINER HIGH CUBE 40 PÉS 12,2X2,3X2,9 (COMPXLARGXALTU)",{"$nulls":6},"UNIDADE: ","un"]
["MATERIAL"]
["BASE","CÓDIGO","DISCRIMINAÇÃO","UNI","QUANT.",null,null,"P.UNIT.","P.TOTAL"]
["COTAÇÃO","-","CONTAINER HIGH CUBE 40 PÉS 12,2X2,3X2,9 (COMPXLARGXALTU)","un",1,null,null,20159,{"$f":"E229*H229","v":20159}]
["COTAÇÃO","-","FRETE DE CONTAINER TIPO CIF","un",1,null,null,null,{"$f":"E230*H230","v":0}]
["SUB-TOTAL",{"$nulls":7},{"$f":"SUM(I229:I230)","v":20159}]
["MÃO DE OBRA"]
["BASE","CÓDIGO","DISCRIMINAÇÃO","UNI","QUANT.",null,null,"P.UNIT.","P.TOTAL"]
["-","-","-","-","-",null,null,"-","-"]
["SUB-TOTAL",{"$nulls":7},{"$f":"SUM(I234:I234)","v":0}]
["PRODUÇÃO DA EQUIPE",null,null,1,"CUSTO ",null,null,null,{"$f":"I235+I231","v":20159}]
["TOTAL - R$",{"$nulls":7},{"$f":"I236/D236","v":20159}]
["BDI                %",{"$nulls":7},1]
["TOTAL DO SERVIÇO - R$",{"$nulls":7},{"$f":"I237*I238","v":20159}]
[]
[" COMPOSIÇÃO DE PREÇO UNITÁRIO",{"$nulls":7},"CPU013"]
["DESCRIÇÃO DO SERVIÇO",{"$nulls":6},"DATA BASE: ","2025-03-01"]
["FORNECIMENTO E INSTALAÇÃO DE SUPORTE PARA CAIXA D'ÁGUA EM METALON",{"$nulls":6},"UNIDADE: ","un"]
["MATERIAL"]
["BASE","CÓDIGO","DISCRIMINAÇÃO","UNI","QUANT.",null,null,"P.UNIT.","P.TOTAL"]
["ORSE","08851/ORSE","Tubo industrial, em aço, quadrado, dim 50 x 50 mm, e=2,00mm, 4,476 kg/m","m",{"$f":"5.4*1.1","v":5.9400000000000013},null,null,80.040000000000006,{"$f":"E246*H246","v":475.43760000000015}]
["ORSE","03664/ORSE","Chapa aço fina preta lisa nº14, e=2,00mm (16,0 kg/m2)","m2",{"$f":"2.427*1.075*1.1","v":2.8699275000000002},null,null,142.56,{"$f":"E247*H247","v":409.13686440000004}]
["SINAPI",100719,"PINTURA COM TINTA ALQUÍDICA DE FUNDO (TIPO ZARCÃO) PULVERIZADA SOBRE PERFIL METÁLICO EXECUTADO EM FÁBRICA (POR DEMÃO). AF_01/2020_PE","m2",{"$f":"SUM(E249,E246)*2","v":22.558800000000005},null,null,12.96,{"$f":"E248*H248","v":292.36204800000007}]
["ORSE","13120/ORSE","Perfil Aço, UDC Enrijecido 75 x 40 x 3,43(kg/m) - SAE 1008/1012","kg",{"$f":"2.427*2*1.1","v":5.3394000000000004},null,null,15.4,{"$f":"E249*H249","v":82.226760000000013}]
["SUB-TOTAL",{"$nulls":7},{"$f":"SUM(I246:I249)","v":1259.1632724000001}]
["MÃO DE OBRA"]
["BASE","CÓDIGO","DISCRIMINAÇÃO","UNI","QUANT.",null,null,"P.UNIT.","P.TOTAL"]
["SINAPI",88251,"AUXILIAR DE SERRALHEIRO COM ENCARGOS COMPLEMENTARES","H",{"$f":"20*2","v":40},null,null,23.86,{"$f":"H253*E253","v":954.4}]
["SINAPI",88315,"SERRALHEIRO COM ENCARGOS COMPLEMENTARES","H",{"$f":"20*2","v":40},null,null,28.14,{"$f":"H254*E254","v":1125.5999999999999}]
["SUB-TOTAL",{"$nulls":7},{"$f":"SUM(I253:I254)","v":2080}]
["PRODUÇÃO DA EQUIPE",null,null,1,"CUSTO ",null,null,null,{"$f":"I255+I250","v":3339.1632724000001}]
["TOTAL - R$",{"$nulls":7},{"$f":"I256/D256","v":3339.1632724000001}]
["BDI                %",{"$nulls":7},1]
["TOTAL DO SERVIÇO - R$",{"$nulls":7},{"$f":"I257*I258","v":3339.1632724000001}]